{"text_format":"3","workbook":"xlsx","n_sheets":2,"sheets":["Закупки","Товары"],"read":"whole","date_system":"1900"}

{"sheet":"Закупки","index":0,"n_rows":51,"n_cols":14,"rows_kept":51}
["номер","вид","название","закон","статус","нмцк","регион","заказчик","инн_заказчика","приём_с","приём_до","место_поставки","ссылка","позиций"]
[6233323,"закупка по потребности","Техническое обслуживание топливозаправочного пункта TMS-15-2A (15 м. куб.)","коммерческая","Прием предложений",0,"г Москва","ОБЩЕСТВО С ОГРАНИЧЕННОЙ ОТВЕТСТВЕННОСТЬЮ \"КНАУФ ГИПС ЧЕЛЯБИНСК\"","7447141540","01.10.2026 21:49:00","18.10.2026 23:59:00","Россия, г Челябинск","https://zakupki.mos.ru/need/6233323",1]
[10309475,"котировочная сессия","Изготовление витрины по индивидуальному проекту","44-ФЗ","Активная",80000,"г Москва","Государственное бюджетное профессиональное образовательное учреждение города Москвы «Московский колледж социальных профессий имени Е.И.Холостовой»","7715029811","01.10.2026 21:37:11","02.10.2026 21:37:11",null,"https://zakupki.mos.ru/auction/10309475",1]
[10309473,"котировочная сессия","Изготовление витрины по индивидуальному проекту","44-ФЗ","Активная",599999.99,"г Москва","Государственное бюджетное профессиональное образовательное учреждение города Москвы «Московский колледж социальных профессий имени Е.И.Холостовой»","7715029811","01.10.2026 21:26:00","02.10.2026 21:26:00",null,"https://zakupki.mos.ru/auction/10309473",1]
[6233322,"закупка по потребности","Запрос цен на поставку оргтехники для нужд АНО \"ЦС \"Маяк\"","коммерческая","Прием предложений",923280.66,"г Москва","АВТОНОМНАЯ НЕКОММЕРЧЕСКАЯ ОРГАНИЗАЦИЯ \"ЦЕНТР СОЗИДАНИЯ \"МАЯК\"","9002019170","01.10.2026 21:26:47","09.10.2026 10:00:00","Россия, Запорожская обл, г Бердянск","https://zakupki.mos.ru/need/6233322",2]
[6233321,"закупка по потребности","Запрос цен на поставку оргтехники для нужд АНО \"ЦС \"Маяк\"","коммерческая","Отменена",923280.66,"г Москва","АВТОНОМНАЯ НЕКОММЕРЧЕСКАЯ ОРГАНИЗАЦИЯ \"ЦЕНТР СОЗИДАНИЯ \"МАЯК\"","9002019170","01.10.2026 21:26:47","09.10.2026 10:00:00","Россия, Запорожская обл, г Бердянск","https://zakupki.mos.ru/need/6233321",2]
[10309472,"котировочная сессия","Изготовление витрины по индивидуальному проекту","44-ФЗ","Активная",599999.99,"г Москва","Государственное бюджетное профессиональное образовательное учреждение города Москвы «Московский колледж социальных профессий имени Е.И.Холостовой»","7715029811","01.10.2026 21:20:14","02.10.2026 21:20:14",null,"https://zakupki.mos.ru/auction/10309472",1]
[10309471,"котировочная сессия","Изготовление витрины по индивидуальному проекту","44-ФЗ","Активная",599999.99,"г Москва","Государственное бюджетное профессиональное образовательное учреждение города Москвы «Московский колледж социальных профессий имени Е.И.Холостовой»","7715029811","01.10.2026 21:14:15","02.10.2026 21:14:15",null,"https://zakupki.mos.ru/auction/10309471",1]
[10309468,"котировочная сессия","ИЗГОТОВЛЕНИЕ МЕБЕЛИ","44-ФЗ","Активная",446000,"г Москва","Государственное бюджетное профессиональное образовательное учреждение города Москвы «Московский колледж социальных профессий имени Е.И.Холостовой»","7715029811","01.10.2026 20:58:01","02.10.2026 20:58:01",null,"https://zakupki.mos.ru/auction/10309468",6]
[10309466,"котировочная сессия","ТОВАРЫ СТРОИТЕЛЬНЫЕ","44-ФЗ","Активная",594664.95,"г Москва","Государственное бюджетное общеобразовательное учреждение города Москвы «Школа № 2117»","5051005503","01.10.2026 20:38:14","02.10.2026 20:38:14",null,"https://zakupki.mos.ru/auction/10309466",20]
[6233309,"закупка по потребности","Оказание комплекса услуг, входящих в туристский продукт, Участникам программы гражданско-патриотического и общественно полезного молодежного туризма «Больше, чем путешествие» (Республика Алтай)","коммерческая","Отменена",1990329,"г Москва","Автономная некоммерческая организация «Центр экономического мониторинга, анализа и консалтинга»","9709089125","01.10.2026 19:38:20","09.10.2026 08:00:00","Россия, г Горно-Алтайск,Россия, респ Алтай, Чемальский р-н, село Чемал,Россия, респ Алтай, Майминский р-н, село Манжерок,Россия, респ Алтай, Улаганский р-н, село Акташ","https://zakupki.mos.ru/need/6233309",18]
[6233312,"закупка по потребности","Оказание комплекса услуг, входящих в туристский продукт, Участникам программы гражданско-патриотического и общественно полезного молодежного туризма «Больше, чем путешествие» (Республика Алтай)","коммерческая","Прием предложений",1990329,"г Москва","Автономная некоммерческая организация «Центр экономического мониторинга, анализа и консалтинга»","9709089125","01.10.2026 19:38:20","09.10.2026 08:00:00","Россия, г Горно-Алтайск,Россия, респ Алтай, Чемальский р-н, село Чемал,Россия, респ Алтай, Майминский р-н, село Манжерок,Россия, респ Алтай, Улаганский р-н, село Акташ","https://zakupki.mos.ru/need/6233312",18]
[6233306,"закупка по потребности","Паста серебросодержащая(для закалённого стекла) АГХ-А-50, АГХ-А-80","коммерческая","Прием предложений",0,"г Москва","АКЦИОНЕРНОЕ ОБЩЕСТВО \"САЛАВАТСТЕКЛО\"","0266004050","01.10.2026 19:21:55","08.10.2026 21:00:00","Россия, респ Башкортостан, г Салават","https://zakupki.mos.ru/need/6233306",3]
[10309463,"котировочная сессия","ИЗГОТОВЛЕНИЕ МЕБЕЛИ","44-ФЗ","Активная",515000,"г Москва","Государственное бюджетное профессиональное образовательное учреждение города Москвы «Московский колледж социальных профессий имени Е.И.Холостовой»","7715029811","01.10.2026 19:17:16","02.10.2026 19:17:16",null,"https://zakupki.mos.ru/auction/10309463",8]
[10309462,"котировочная сессия","СПОРТИВНОЕ ОБОРУДОВАНИЕ И ИНВЕНТАРЬ","44-ФЗ","Активная",128404,"г Москва","Государственное бюджетное профессиональное образовательное учреждение города Москвы «Московский колледж управления, гостиничного бизнеса и информационных технологий «Царицыно»","7737057354","01.10.2026 19:12:27","02.10.2026 19:12:27",null,"https://zakupki.mos.ru/auction/10309462",6]
[6233305,"закупка по потребности","Оказание комплекса услуг по подготовке и проведению Московского инвестиционно-промышленного форума в г. Москве и проведению реверсной бизнес-миссии с партнерами из Китайской Народной Республики в рамках Московского инвестиционно-промышленного форума 2026","коммерческая","Прием предложений",37000000,"г Москва","Автономная некоммерческая организация «Центр поддержки экспорта, промышленности и инвестиционной деятельности «Моспром» ","7727025177","01.10.2026 19:01:30","08.10.2026 18:00:00","В соответствии с документацией","https://zakupki.mos.ru/need/6233305",1]
[6233304,"закупка по потребности","Выполнение работ по изготовлению и доставке комплекта парусов для арт-объекта «Парус»","коммерческая","Прием предложений",0,"г Москва","АВТОНОМНАЯ НЕКОММЕРЧЕСКАЯ ОРГАНИЗАЦИЯ \"ТАВРИДА.АРТ\"","9709042014","01.10.2026 18:55:07","08.10.2026 18:00:00","Россия, респ Крым, г Судак","https://zakupki.mos.ru/need/6233304",3]
[10309460,"котировочная сессия","Видеокарта NVIDIA Quadro RTX 5000 Ada 32GB","223-ФЗ","Активная",660000,"г Москва","Государственное бюджетное учреждение культуры города Москвы «Мастерская «12» Никиты Михалкова»","7704060947","01.10.2026 18:50:00","02.10.2026 18:50:00",null,"https://zakupki.mos.ru/auction/10309460",1]
[6233303,"закупка по потребности","Приобретение ИТ оборудования","коммерческая","Прием предложений",0,"г Москва","ОБЩЕСТВО С ОГРАНИЧЕННОЙ ОТВЕТСТВЕННОСТЬЮ \"ТС ИНТЕГРАЦИЯ\"","7720479365","01.10.2026 18:51:41","08.10.2026 17:54:00","Россия, Московская обл, г Видное","https://zakupki.mos.ru/need/6233303",8]
[6233297,"закупка по потребности","Выполнение работ по изготовлению, доставке и монтажу информационных табличек и стенда арт-объектов арт-парка «Таврида» с демонтажем существующих табличек","коммерческая","Прием предложений",0,"г Москва","АВТОНОМНАЯ НЕКОММЕРЧЕСКАЯ ОРГАНИЗАЦИЯ \"ТАВРИДА.АРТ\"","9709042014","01.10.2026 18:42:24","08.10.2026 18:00:00","Россия, респ Крым, г Судак","https://zakupki.mos.ru/need/6233297",3]
[6233299,"закупка по потребности","Оказание комплекса услуг, входящих в туристский продукт, Участникам программы гражданско-патриотического и общественно полезного молодежного туризма «Больше, чем путешествие» в рамках Всероссийского конкурса «Знать. \nЛюбить. Гордиться!» (Ханты-Мансийский автономный округ - Югра)","коммерческая","Отменена",1437383,"г Москва","Автономная некоммерческая организация «Центр экономического мониторинга, анализа и консалтинга»","9709089125","01.10.2026 18:37:51","09.10.2026 08:00:00","Россия, г Ханты-Мансийск,Россия, Ханты-Мансийский Автономный округ - Югра, г Сургут","https://zakupki.mos.ru/need/6233299",18]
[6233290,"закупка по потребности","Оказание комплекса услуг, входящих в туристский продукт, Участникам программы гражданско-патриотического и общественно полезного молодежного туризма «Больше, чем путешествие» в рамках Всероссийского конкурса «Знать. \nЛюбить. Гордиться!» (Ханты-Мансийский автономный округ - Югра)","коммерческая","Отменена",1397383,"г Москва","Автономная некоммерческая организация «Центр экономического мониторинга, анализа и консалтинга»","9709089125","01.10.2026 18:37:51","09.10.2026 08:00:00","Россия, г Ханты-Мансийск,Россия, Ханты-Мансийский Автономный округ - Югра, г Сургут","https://zakupki.mos.ru/need/6233290",18]
[6233300,"закупка по потребности","Оказание комплекса услуг, входящих в туристский продукт, Участникам программы гражданско-патриотического и общественно полезного молодежного туризма «Больше, чем путешествие» в рамках Всероссийского конкурса «Знать. \nЛюбить. Гордиться!» (Ханты-Мансийский автономный округ - Югра)","коммерческая","Прием предложений",1437293,"г Москва","Автономная некоммерческая организация «Центр экономического мониторинга, анализа и консалтинга»","9709089125","01.10.2026 18:37:51","09.10.2026 08:00:00","Россия, г Ханты-Мансийск,Россия, Ханты-Мансийский Автономный округ - Югра, г Сургут","https://zakupki.mos.ru/need/6233300",18]
[6233283,"закупка по потребности","Оказание услуг по организации и проведению очного мероприятия Всероссийского слета для наставников Движения Первых и поставка брендированной продукции (26_63638)","коммерческая","Прием предложений",11100860,"г Москва","ОБЩЕРОССИЙСКОЕ ОБЩЕСТВЕННО-ГОСУДАРСТВЕННОЕ ДВИЖЕНИЕ ДЕТЕЙ И МОЛОДЕЖИ \"ДВИЖЕНИЕ ПЕРВЫХ\"","9709087880","01.10.2026 18:24:47","09.10.2026 10:00:00","Россия, г Москва","https://zakupki.mos.ru/need/6233283",1]
[6233282,"закупка по потребности","Реконструкция газоочистного оборудования участка гипса и шлака» на Петербургский филиал АО «ЦЕМРОС»","коммерческая","Прием предложений",0,"г Москва","АКЦИОНЕРНОЕ ОБЩЕСТВО \"ЦЕМРОС\"","7708117908","01.10.2026 18:24:27","16.10.2026 12:00:00","Россия, Ленинградская обл, г Сланцы","https://zakupki.mos.ru/need/6233282",1]
[10309457,"котировочная сессия","ИГРУШКИ ДЛЯ АКТИВНОГО ОТДЫХА","44-ФЗ","Активная",132146.66,"г Москва","Государственное бюджетное профессиональное образовательное учреждение города Москвы «Московский колледж управления, гостиничного бизнеса и информационных технологий «Царицыно»","7737057354","01.10.2026 18:20:13","02.10.2026 18:20:13",null,"https://zakupki.mos.ru/auction/10309457",1]
[10309455,"котировочная сессия","Огнетушитель углекислотный ОУ-5","44-ФЗ","Активная",1865,"г Москва","Государственное бюджетное учреждение города Москвы «Жилищник Басманного района»","7701378636","01.10.2026 18:16:25","02.10.2026 18:16:25",null,"https://zakupki.mos.ru/auction/10309455",1]
[10309454,"котировочная сессия","ТОВАРЫ СТРОИТЕЛЬНЫЕ","44-ФЗ","Активная",13264,"г Москва","Государственное бюджетное учреждение города Москвы «Жилищник Басманного района»","7701378636","01.10.2026 18:16:22","02.10.2026 18:16:22",null,"https://zakupki.mos.ru/auction/10309454",24]
[10309453,"котировочная сессия","ТОВАРЫ ХОЗЯЙСТВЕННЫЕ, ТЕХНИКА БЫТОВАЯ","44-ФЗ","Активная",5180,"г Москва","Государственное бюджетное учреждение города Москвы «Жилищник Басманного района»","7701378636","01.10.2026 18:14:24","02.10.2026 18:14:24",null,"https://zakupki.mos.ru/auction/10309453",2]
[6233279,"закупка по потребности","Оказание услуг по проведению аудита (1) бухгалтерской (финансовой) отчётности, (2) консолидированной финансовой отчётности по итогам 2027 года, составленной в соответствии с МСФО, включая обобщённую финансовую отчётность; (3) обзорная проверка промежуточной сокращённой финансовой отчётности — для МКПАО «ВК», ООО «Мэйл.Ру Финанс» и ПАО «ВК ТЕХНОЛОГИИ» (ст. 5.1 Федерального закона от 30.12.2008 № 307-ФЗ «Об аудиторской деятельности»)","коммерческая","Прием предложений",127139250,"г Москва","МЕЖДУНАРОДНАЯ КОМПАНИЯ ПУБЛИЧНОЕ АКЦИОНЕРНОЕ ОБЩЕСТВО \"ВК\"","3900015862","01.10.2026 18:08:21","02.11.2026 12:00:00","В соответствии с документацией","https://zakupki.mos.ru/need/6233279",1]
[10309452,"котировочная сессия","Оказание услуг по вывозу снега","44-ФЗ","Активная",585000,"г Москва","Государственное бюджетное общеобразовательное учреждение города Москвы «Школа имени Героя Российской Федерации Е.Н. Чернышёва»","7713799237","01.10.2026 18:00:00","02.10.2026 18:00:00",null,"https://zakupki.mos.ru/auction/10309452",1]
[6233278,"закупка по потребности","Приобретение пикапов Sollers ST8 (Pro) 2026 года выпуска.","коммерческая","Прием предложений",0,"г Москва","ОБЩЕСТВО С ОГРАНИЧЕННОЙ ОТВЕТСТВЕННОСТЬЮ \"КОГАЛЫМСКОЕ УПРАВЛЕНИЕ ТЕХНОЛОГИЧЕСКОГО ТРАНСПОРТА \"","8608053040","01.10.2026 18:01:45","08.10.2026 16:00:00","Россия, Ханты-Мансийский Автономный округ - Югра, г Когалым","https://zakupki.mos.ru/need/6233278",1]
[10309451,"котировочная сессия","Обучение Конечных пользователей","44-ФЗ","Активная",117250,"г Москва","Государственное бюджетное общеобразовательное учреждение города Москвы «Школа № 324 «Жар-птица»","7729784613","01.10.2026 17:46:06","02.10.2026 17:46:06",null,"https://zakupki.mos.ru/auction/10309451",1]
[6233237,"закупка по потребности","Оказание услуг по организации и проведению мероприятия \"Спортивно-образовательный фестиваль \"Движение\"","коммерческая","Прием предложений",830133,"г Москва","АВТОНОМНАЯ НЕКОММЕРЧЕСКАЯ ОРГАНИЗАЦИЯ ПО РАЗВИТИЮ КАДРОВОГО ПОТЕНЦИАЛА МОЛОДЕЖИ В ХАБЕЗСКОМ МУНИЦИПАЛЬНОМ РАЙОНЕ \"МОЙ ВЫБОР\"","0900013370","01.10.2026 17:39:44","05.10.2026 09:00:00","Россия, Карачаево-Черкесская респ, Хабезский р-н, аул Хабез","https://zakupki.mos.ru/need/6233237",1]
[6233235,"закупка по потребности","Выполнение работ по устройству пешеходных дорожек к арт-объектам «Матрёшки» и «Ассоль»","коммерческая","Прием предложений",0,"г Москва","АВТОНОМНАЯ НЕКОММЕРЧЕСКАЯ ОРГАНИЗАЦИЯ \"ТАВРИДА.АРТ\"","9709042014","01.10.2026 17:38:12","08.10.2026 18:00:00","Россия, респ Крым, г Судак","https://zakupki.mos.ru/need/6233235",3]
[10309436,"котировочная сессия","ОДЕЖДА (ВКЛЮЧАЯ ФОРМЕННУЮ), ОБУВЬ, ГАЛАНТЕРЕЯ, ГОЛОВНЫЕ УБОРЫ","44-ФЗ","Активная",356619.66,"г Москва","Государственное бюджетное общеобразовательное учреждение города Москвы «Школа № 2109»","7727840510","01.10.2026 16:55:12","02.10.2026 16:55:12",null,"https://zakupki.mos.ru/auction/10309436",10]
[10309433,"котировочная сессия","СОСТАВНЫЕ И ЗАМЕНЯЕМЫЕ ЧАСТИ, ПРИНАДЛЕЖНОСТИ И КОМПЛЕКТУЮЩИЕ ДЛЯ ГИДРОТЕРАПЕВТИЧЕСКОГО ОБОРУДОВАНИЯ","223-ФЗ","Активная",26537.5,"г Москва","Государственное унитарное предприятие города Москвы «Большой Московский государственный цирк на проспекте Вернадского»","7736039722","01.10.2026 16:51:15","02.10.2026 16:51:15",null,"https://zakupki.mos.ru/auction/10309433",4]
[6233162,"закупка по потребности","Поставка летних костюмов для рабочих и ИТР","коммерческая","Прием предложений",0,"г Москва","ОБЩЕСТВО С ОГРАНИЧЕННОЙ ОТВЕТСТВЕННОСТЬЮ \"НЕВСКИЙ СУДОСТРОИТЕЛЬНО-СУДОРЕМОНТНЫЙ ЗАВОД\"","4706020609","01.10.2026 16:52:00","07.10.2026 10:00:00","Ленинградская обл, г Шлиссельбург","https://zakupki.mos.ru/need/6233162",1]
[6233161,"закупка по потребности","Поставка провода ПЭТВ-2","коммерческая","Прием предложений",15000,"г Москва","АКЦИОНЕРНОЕ ОБЩЕСТВО \"НАУЧНО-ПРОИЗВОДСТВЕННАЯ ФИРМА \"МЕРИДИАН\"","7813113934","01.10.2026 16:51:59","02.10.2026 15:00:00","Россия, г Санкт-Петербург","https://zakupki.mos.ru/need/6233161",1]
[10309430,"котировочная сессия","Оказание услуг по перезарядке огнетушителей ","Положение о закупках организации","Редактирование",9050,"г Москва","Филиал Автономной некоммерческой организации «Московская дирекция транспортного обслуживания» «Центр истории и культуры транспорта»","9710077999","01.10.2026 16:50:14","02.10.2026 16:50:14",null,"https://zakupki.mos.ru/auction/10309430",2]
[10309432,"котировочная сессия","ИЗДЕЛИЯ КАНЦЕЛЯРСКИЕ, БУМАГА И БУМАЖНЫЕ ИЗДЕЛИЯ","44-ФЗ","Активная",31413,"г Москва","Государственное бюджетное учреждение дополнительного образования города Москвы «Детская школа искусств имени С.И.Мамонтова»","7716011165","01.10.2026 16:49:04","02.10.2026 16:49:04",null,"https://zakupki.mos.ru/auction/10309432",2]
[6233159,"закупка по потребности","Запрос предложений на изготовление и поставку новогодних наборов для детей сотрудников «Азиатско-Тихоокеанский Банк» (АО)","коммерческая","Прием предложений",0,"г Москва","\"АЗИАТСКО-ТИХООКЕАНСКИЙ БАНК\" (АКЦИОНЕРНОЕ ОБЩЕСТВО)","2801023444","01.10.2026 16:48:55","07.10.2026 10:00:00","Все регионы РФ","https://zakupki.mos.ru/need/6233159",1]
[10309429,"котировочная сессия","Эмаль по ржавчине 3 в 1 Luxens молотковая цвет серый 2.4 кг","44-ФЗ","Активная",1400,"г Москва","Государственное бюджетное учреждение города Москвы «Жилищник Басманного района»","7701378636","01.10.2026 16:44:02","02.10.2026 16:44:02",null,"https://zakupki.mos.ru/auction/10309429",1]
[6233138,"закупка по потребности","проведение расчета категории взрывопожарной и пожарной опасности производственных помещений объекта: Ленинградская область, Лужский район, д. Калгановка, Специальная испытательная станция (СИС)","коммерческая","Прием предложений",99000,"г Москва","АКЦИОНЕРНОЕ ОБЩЕСТВО \"НАУЧНО-ПРОИЗВОДСТВЕННАЯ ФИРМА \"МЕРИДИАН\"","7813113934","01.10.2026 16:45:02","09.10.2026 15:00:00","Россия, Ленинградская обл, Лужский р-н, деревня Калгановка","https://zakupki.mos.ru/need/6233138",1]
[10305743,"котировочная сессия","Оказание комплекса услуг по организационно-техническому сопровождению мероприятия открытия Музея Транспорта Москвы ","Положение о закупках организации","Редактирование",2330166.67,"г Москва","Филиал Автономной некоммерческой организации «Московская дирекция транспортного обслуживания» «Центр истории и культуры транспорта»","9710077999","01.10.2026 16:42:20","02.10.2026 16:42:20",null,"https://zakupki.mos.ru/auction/10305743",5]
[6233129,"закупка по потребности","Поставка товаров и выполнение работ, необходимых для \nмодернизации телефонной сети","коммерческая","Прием предложений",0,"г Москва","Акционерное общество «Производственное объединение «Баррикада»","7830000578","01.10.2026 16:41:52","06.10.2026 17:33:00","Россия, Ленинградская обл, г Гатчина","https://zakupki.mos.ru/need/6233129",1]
[6233123,"закупка по потребности","Замена оконного блока из ПВХ в каб.301 на 3 этаже здания цеха ТНП","коммерческая","Прием предложений",0,"г Москва","ПУБЛИЧНОЕ АКЦИОНЕРНОЕ ОБЩЕСТВО \"ВЫБОРГСКИЙ СУДОСТРОИТЕЛЬНЫЙ ЗАВОД\"","4704012874","01.10.2026 16:38:57","07.10.2026 08:20:00","Россия, Ленинградская обл, г Выборг","https://zakupki.mos.ru/need/6233123",1]
[6233125,"закупка по потребности","Замена фурнитуры в кабинете № 306 на 3-м этаже здания достроечного-сдаточного цеха","коммерческая","Прием предложений",0,"г Москва","ПУБЛИЧНОЕ АКЦИОНЕРНОЕ ОБЩЕСТВО \"ВЫБОРГСКИЙ СУДОСТРОИТЕЛЬНЫЙ ЗАВОД\"","4704012874","01.10.2026 16:38:57","07.10.2026 08:20:00","Россия, Ленинградская обл, г Выборг","https://zakupki.mos.ru/need/6233125",1]
[6233106,"закупка по потребности","Лот№13 Поставка смазочных материалов и технических жидкостей на Обособленное Подразделение ООО \"Русагро-Ресурс\" в г. Самара","коммерческая","Прием предложений",10979607.61,"г Москва","ОБЩЕСТВО С ОГРАНИЧЕННОЙ ОТВЕТСТВЕННОСТЬЮ \"РЕСУРСТРАНС\"","7714731464","01.10.2026 16:36:54","15.10.2026 11:36:00","Россия, Саратовская обл, г Аткарск,Россия, Саратовская обл, г Балаково,Россия, г Саратов,Россия, Самарская обл, Безенчукский р-н, пгт Безенчук,Россия, г Екатеринбург,Россия, г Нижний Новгород,Россия, г Ульяновск,Россия, Самарская обл, Кошкинский р-н, село Кошки,Россия, Волгоградская обл, г Урюпинск","https://zakupki.mos.ru/need/6233106",1]
[6233104,"закупка по потребности","Лот№10 Поставка смазочных материалов и технических жидкостей на филиал ООО \"РесурсТранс\" в г. Калининград","коммерческая","Прием предложений",1607684.51,"г Москва","ОБЩЕСТВО С ОГРАНИЧЕННОЙ ОТВЕТСТВЕННОСТЬЮ \"РЕСУРСТРАНС\"","7714731464","01.10.2026 16:36:54","15.10.2026 11:36:00","Россия, г Калининград,Россия, Калининградская обл, г Черняховск","https://zakupki.mos.ru/need/6233104",1]
[6233100,"закупка по потребности","Лот№11 Поставка смазочных материалов и технических жидкостей на филиал ООО \"РесурсТранс\" в г. Хабаровск","коммерческая","Прием предложений",19089170.33,"г Москва","ОБЩЕСТВО С ОГРАНИЧЕННОЙ ОТВЕТСТВЕННОСТЬЮ \"РЕСУРСТРАНС\"","7714731464","01.10.2026 16:36:54","15.10.2026 11:36:00","Россия, г Южно-Сахалинск,Россия, г Хабаровск,Россия, г Владивосток,Россия, Хабаровский край, г Комсомольск-на-Амуре,Россия, Амурская обл, г Тында","https://zakupki.mos.ru/need/6233100",1]

{"sheet":"Товары","index":1,"n_rows":231,"n_cols":11,"rows_kept":231}
["номер","название закупки","наименование","окпд2","окпд2_название","ктру","количество","ед_изм","цена_за_ед","сумма","страна"]
[6233323,"Техническое обслуживание топливозаправочного пункта TMS-15-2A (15 м. куб.)","Техническое обслуживание топливозаправочного пункта TMS-15-2A (15 м. куб.)",{"$nulls":3},1,"усл. ед",0,0]
[10309475,"Изготовление витрины по индивидуальному проекту","Изготовление витрины по индивидуальному проекту",null,"Услуги по производству мебели для офисов и предприятий торговли отдельные, выполняемые субподрядчиком",null,2,"шт",40000,80000]
[10309473,"Изготовление витрины по индивидуальному проекту","Изготовление витрины по индивидуальному проекту",null,"Услуги по производству мебели для офисов и предприятий торговли отдельные, выполняемые субподрядчиком",null,1,"шт",599999.99,599999.99]
[6233322,"Запрос цен на поставку оргтехники для нужд АНО \"ЦС \"Маяк\"","Многофункциональное устройство (цветность печати - черно-белая)","26.20.18","Устройства периферийные с двумя или более функциями: печать данных, копирование, сканирование, прием и передача факсимильных сообщений",null,4,"шт",0,0]
[6233322,"Запрос цен на поставку оргтехники для нужд АНО \"ЦС \"Маяк\"","Многофункциональное устройство (цветность печати – цветная)","26.20.18","Устройства периферийные с двумя или более функциями: печать данных, копирование, сканирование, прием и передача факсимильных сообщений",null,2,"шт",0,0]
[6233321,"Запрос цен на поставку оргтехники для нужд АНО \"ЦС \"Маяк\"","Многофункциональное устройство (цветность печати - черно-белая)","26.20.18","Устройства периферийные с двумя или более функциями: печать данных, копирование, сканирование, прием и передача факсимильных сообщений",null,4,"шт",0,0]
[6233321,"Запрос цен на поставку оргтехники для нужд АНО \"ЦС \"Маяк\"","Многофункциональное устройство (цветность печати – цветная)","26.20.18","Устройства периферийные с двумя или более функциями: печать данных, копирование, сканирование, прием и передача факсимильных сообщений",null,2,"шт",0,0]
[10309472,"Изготовление витрины по индивидуальному проекту","Изготовление витрины по индивидуальному проекту",null,"Услуги по производству мебели для офисов и предприятий торговли отдельные, выполняемые субподрядчиком",null,1,"шт",599999.99,599999.99]
[10309471,"Изготовление витрины по индивидуальному проекту","Изготовление витрины по индивидуальному проекту",null,"Услуги по производству мебели для офисов и предприятий торговли отдельные, выполняемые субподрядчиком",null,1,"шт",599999.99,599999.99]
[10309468,"ИЗГОТОВЛЕНИЕ МЕБЕЛИ","Изготовление дивана по индивидуальному проекту",null,"Услуги по производству мебели для офисов и предприятий торговли отдельные, выполняемые субподрядчиком",null,3,"шт",21000,63000]
[10309468,"ИЗГОТОВЛЕНИЕ МЕБЕЛИ","Изготовление дивана по индивидуальному проекту",null,"Услуги по производству мебели для офисов и предприятий торговли отдельные, выполняемые субподрядчиком",null,2,"шт",21000,42000]
[10309468,"ИЗГОТОВЛЕНИЕ МЕБЕЛИ","Изготовление дивана по индивидуальному проекту",null,"Услуги по производству мебели для офисов и предприятий торговли отдельные, выполняемые субподрядчиком",null,3,"шт",21000,63000]
[10309468,"ИЗГОТОВЛЕНИЕ МЕБЕЛИ","Изготовление дивана по индивидуальному проекту",null,"Услуги по производству мебели для офисов и предприятий торговли отдельные, выполняемые субподрядчиком",null,5,"шт",13000,65000]
[10309468,"ИЗГОТОВЛЕНИЕ МЕБЕЛИ","Изготовление дивана по индивидуальному проекту",null,"Услуги по производству мебели для офисов и предприятий торговли отдельные, выполняемые субподрядчиком",null,3,"шт",21000,63000]
[10309468,"ИЗГОТОВЛЕНИЕ МЕБЕЛИ","Изготовление шкафа по индивидуальному проекту",null,"Услуги по производству мебели для офисов и предприятий торговли отдельные, выполняемые субподрядчиком",null,5,"шт",30000,150000]
[10309466,"ТОВАРЫ СТРОИТЕЛЬНЫЕ","Смазка силиконовая \"СантехСмазка\" 250 г (для канализ. труб)",null,"Герметики",null,5,"шт",249.66,1248.3]
[10309466,"ТОВАРЫ СТРОИТЕЛЬНЫЕ","Фум лента",null,"Герметики",null,10,"шт",101.12,1011.2]
[10309466,"ТОВАРЫ СТРОИТЕЛЬНЫЕ","Клапан заливной с боковой подводкой Oli Uni Jolly 1/2 дюйма латунь",null,"Краны, клапаны для раковин, моек, биде, унитазов, ванн и аналогичная арматура",null,40,"шт",1265.06,50602.4]
[10309466,"ТОВАРЫ СТРОИТЕЛЬНЫЕ","Манжета для унитаза Alcadrain A990 эксцентрическая, 110 мм 00022283",null,"Фурнитура и аналогичные пластмассовые изделия, прочие",null,50,"шт",341.95,17097.5]
[10309466,"ТОВАРЫ СТРОИТЕЛЬНЫЕ","Гофра для унитаза ф110 L=220-520мм Orio",null,"Трубки, шланги и рукава прочие пластмассовые",null,50,"шт",240.53,12026.5]
[10309466,"ТОВАРЫ СТРОИТЕЛЬНЫЕ","Крепление для унитаза к полу MasterProf ИС.130182",null,"Фурнитура и аналогичные пластмассовые изделия, прочие",null,150,"компл",88.82,13323]
[10309466,"ТОВАРЫ СТРОИТЕЛЬНЫЕ","Заглушка 1/2\" наружная ",null,"Металлы основные драгоценные и цветные прочие; топливо ядерное переработанное",null,100,"шт",41.56,4156]
[10309466,"ТОВАРЫ СТРОИТЕЛЬНЫЕ","Заглушка 1/2 внутрення резьба",null,"Фурнитура и аналогичные пластмассовые изделия, прочие",null,100,"шт",61,6100]
[10309466,"ТОВАРЫ СТРОИТЕЛЬНЫЕ","Ниппель прямой нар./нар. 1/2\"",null,"Металлы основные драгоценные и цветные прочие; топливо ядерное переработанное",null,100,"шт",78.37,7837]
[10309466,"ТОВАРЫ СТРОИТЕЛЬНЫЕ","Сифон для душевого поддона MasterProf ИС.110694 регулируемый для выпуска 50 мм, 1.1/2\"х40",null,"Краны, клапаны для раковин, моек, биде, унитазов, ванн и аналогичная арматура",null,150,"шт",467.66,70149]
[10309466,"ТОВАРЫ СТРОИТЕЛЬНЫЕ","Подводка гибкая для воды КМ 1/2 ВР(г) х 1/2 ВР(г) 60 см",null,"Краны, клапаны для раковин, моек, биде, унитазов, ванн и аналогичная арматура",null,150,"шт",88.96,13344]
[10309466,"ТОВАРЫ СТРОИТЕЛЬНЫЕ","Гибкая подводка Акватехника к смесителю 30см",null,"Краны, клапаны для раковин, моек, биде, унитазов, ванн и аналогичная арматура",null,50,"шт",96.84,4842]
[10309466,"ТОВАРЫ СТРОИТЕЛЬНЫЕ","Гибкая подводка д/смесителя 600мм",null,"Краны, клапаны для раковин, моек, биде, унитазов, ванн и аналогичная арматура",null,200,"пар",164.66,32932]
[10309466,"ТОВАРЫ СТРОИТЕЛЬНЫЕ","Смеситель для кухни Potato с длинным изливом, с гайкой P4104 200 мм",null,"Краны, клапаны для раковин, моек, биде, унитазов, ванн и аналогичная арматура",null,50,"шт",1325,66250]
[10309466,"ТОВАРЫ СТРОИТЕЛЬНЫЕ","Смеситель для раковины Potato P215 P10215 101 мм",null,"Краны, клапаны для раковин, моек, биде, унитазов, ванн и аналогичная арматура",null,80,"шт",1199.67,95973.6]
[10309466,"ТОВАРЫ СТРОИТЕЛЬНЫЕ","Смеситель универсальный G-lauf Solone FAB7-A020 однорычажный лейка в комплекте",null,"Краны, клапаны для раковин, моек, биде, унитазов, ванн и аналогичная арматура",null,40,"шт",2002,80080]
[10309466,"ТОВАРЫ СТРОИТЕЛЬНЫЕ","Аэратор с наружной резьбой 1/2",null,"Краны, клапаны для раковин, моек, биде, унитазов, ванн и аналогичная арматура",null,100,"шт",31,3100]
[10309466,"ТОВАРЫ СТРОИТЕЛЬНЫЕ","Кран шаровый 1/2\" ручка мод. Ит. ПМ",null,"Краны (шаровые, конусные и цилиндрические)",null,100,"шт",186.89,18689]
[10309466,"ТОВАРЫ СТРОИТЕЛЬНЫЕ","Кран шаровый  3/4\" в/в ручка Valtec Base",null,"Краны (шаровые, конусные и цилиндрические)",null,50,"шт",684.33,34216.5]
[10309466,"ТОВАРЫ СТРОИТЕЛЬНЫЕ","Шаровый кран с американкой",null,"Краны (шаровые, конусные и цилиндрические)",null,65,"шт",949.03,61686.95]
[6233309,"Оказание комплекса услуг, входящих в туристский продукт, Участникам программы гражданско-патриотического и общественно полезного молодежного туризма «Больше, чем путешествие» (Республика Алтай)","Оказание комплекса услуг, входящих в Туристическую поездку по Туристическому маршруту, группе совершеннолетних Участников в количестве от 5 до 10 человек","79.1","Услуги туристических агентств и туроператоров",null,1,"чел",150213,150213]
[6233309,"Оказание комплекса услуг, входящих в туристский продукт, Участникам программы гражданско-патриотического и общественно полезного молодежного туризма «Больше, чем путешествие» (Республика Алтай)","Оказание комплекса услуг, входящих в Туристическую поездку по Туристическому маршруту, группе совершеннолетних Участников в количестве от 11 до 20 человек","79.1","Услуги туристических агентств и туроператоров",null,1,"чел",115832,115832]
[6233309,"Оказание комплекса услуг, входящих в туристский продукт, Участникам программы гражданско-патриотического и общественно полезного молодежного туризма «Больше, чем путешествие» (Республика Алтай)","Оказание комплекса услуг, входящих в Туристическую поездку по Туристическому маршруту, группе совершеннолетних Участников в количестве от 21 до 30 человек","79.1","Услуги туристических агентств и туроператоров",null,1,"чел",99187,99187]
[6233309,"Оказание комплекса услуг, входящих в туристский продукт, Участникам программы гражданско-патриотического и общественно полезного молодежного туризма «Больше, чем путешествие» (Республика Алтай)","Оказание комплекса услуг, входящих в Туристическую поездку по Туристическому маршруту, группе совершеннолетних Участников в количестве от 21 до 30 человек","79.1","Услуги туристических агентств и туроператоров",null,1,"чел",154288,154288]
[6233309,"Оказание комплекса услуг, входящих в туристский продукт, Участникам программы гражданско-патриотического и общественно полезного молодежного туризма «Больше, чем путешествие» (Республика Алтай)","Оказание комплекса услуг, входящих в Туристическую поездку по Туристическому маршруту, группе несовершеннолетних Участников в количестве от 11 до 20 человек","79.1","Услуги туристических агентств и туроператоров",null,1,"чел",119903,119903]
[6233309,"Оказание комплекса услуг, входящих в туристский продукт, Участникам программы гражданско-патриотического и общественно полезного молодежного туризма «Больше, чем путешествие» (Республика Алтай)","Оказание комплекса услуг, входящих в Туристическую поездку по Туристическому маршруту, группе несовершеннолетних Участников в количестве от 21 до 30 человек","79.1","Услуги туристических агентств и туроператоров",null,1,"чел",103263,103263]
[6233309,"Оказание комплекса услуг, входящих в туристский продукт, Участникам программы гражданско-патриотического и общественно полезного молодежного туризма «Больше, чем путешествие» (Республика Алтай)","Оказание комплекса услуг, входящих в Туристическую поездку по Туристическому маршруту, группе Участников в составе семьи в количестве от 5 до 10 человек","79.1","Услуги туристических агентств и туроператоров",null,1,"чел",157253,157253]
[6233309,"Оказание комплекса услуг, входящих в туристский продукт, Участникам программы гражданско-патриотического и общественно полезного молодежного туризма «Больше, чем путешествие» (Республика Алтай)","Оказание комплекса услуг, входящих в Туристическую поездку по Туристическому маршруту, группе Участников в составе семьи в количестве от 11 до 20 человек","79.1","Услуги туристических агентств и туроператоров",null,1,"чел",122873,122873]
[6233309,"Оказание комплекса услуг, входящих в туристский продукт, Участникам программы гражданско-патриотического и общественно полезного молодежного туризма «Больше, чем путешествие» (Республика Алтай)","Оказание комплекса услуг, входящих в Туристическую поездку по Туристическому маршруту, группе Участников в составе семьи в количестве от 21 до 30 человек","79.1","Услуги туристических агентств и туроператоров",null,1,"чел",106229,106229]
[6233309,"Оказание комплекса услуг, входящих в туристский продукт, Участникам программы гражданско-патриотического и общественно полезного молодежного туризма «Больше, чем путешествие» (Республика Алтай)","Оказание комплекса услуг, входящих в Туристическую поездку по Туристическому маршруту, группе совершеннолетних Участников в количестве от 5 до 10 человек","79.1","Услуги туристических агентств и туроператоров",null,1,"чел",121761,121761]
[6233309,"Оказание комплекса услуг, входящих в туристский продукт, Участникам программы гражданско-патриотического и общественно полезного молодежного туризма «Больше, чем путешествие» (Республика Алтай)","Оказание комплекса услуг, входящих в Туристическую поездку по Туристическому маршруту, группе совершеннолетних Участников в количестве от 11 до 20 человек","79.1","Услуги туристических агентств и туроператоров",null,1,"чел",83485,83485]
[6233309,"Оказание комплекса услуг, входящих в туристский продукт, Участникам программы гражданско-патриотического и общественно полезного молодежного туризма «Больше, чем путешествие» (Республика Алтай)","Оказание комплекса услуг, входящих в Туристическую поездку по Туристическому маршруту, группе совершеннолетних Участников в количестве от 21 до 30 человек","79.1","Услуги туристических агентств и туроператоров",null,1,"чел",70735,70735]
[6233309,"Оказание комплекса услуг, входящих в туристский продукт, Участникам программы гражданско-патриотического и общественно полезного молодежного туризма «Больше, чем путешествие» (Республика Алтай)","Оказание комплекса услуг, входящих в Туристическую поездку по Туристическому маршруту, группе несовершеннолетних Участников в количестве от 5 до 10 человек","79.1","Услуги туристических агентств и туроператоров",null,1,"чел",125836,125836]
[6233309,"Оказание комплекса услуг, входящих в туристский продукт, Участникам программы гражданско-патриотического и общественно полезного молодежного туризма «Больше, чем путешествие» (Республика Алтай)","Оказание комплекса услуг, входящих в Туристическую поездку по Туристическому маршруту, группе несовершеннолетних Участников в количестве от 11 до 20 человек","79.1","Услуги туристических агентств и туроператоров",null,1,"чел",87556,87556]
[6233309,"Оказание комплекса услуг, входящих в туристский продукт, Участникам программы гражданско-патриотического и общественно полезного молодежного туризма «Больше, чем путешествие» (Республика Алтай)","Оказание комплекса услуг, входящих в Туристическую поездку по Туристическому маршруту, группе несовершеннолетних Участников в количестве от 21 до 30 человек","79.1","Услуги туристических агентств и туроператоров",null,1,"чел",74811,74811]
[6233309,"Оказание комплекса услуг, входящих в туристский продукт, Участникам программы гражданско-патриотического и общественно полезного молодежного туризма «Больше, чем путешествие» (Республика Алтай)","Оказание комплекса услуг, входящих в Туристическую поездку по Туристическому маршруту, группе Участников в составе семьи в количестве от 5 до 10 человек","79.1","Услуги туристических агентств и туроператоров",null,1,"чел",128801,128801]
[6233309,"Оказание комплекса услуг, входящих в туристский продукт, Участникам программы гражданско-патриотического и общественно полезного молодежного туризма «Больше, чем путешествие» (Республика Алтай)","Оказание комплекса услуг, входящих в Туристическую поездку по Туристическому маршруту, группе Участников в составе семьи в количестве от 11 до 20 человек","79.1","Услуги туристических агентств и туроператоров",null,1,"чел",90526,90526]
[6233309,"Оказание комплекса услуг, входящих в туристский продукт, Участникам программы гражданско-патриотического и общественно полезного молодежного туризма «Больше, чем путешествие» (Республика Алтай)","Цена, без учета услуг по перевозке из Пункта отправления в Место проведения Маршрута и в обратном направлении, в том числе НДС*/ без НДС, руб., на 1 (одного) Участника","79.1","Услуги туристических агентств и туроператоров",null,1,"чел",77777,77777]
[6233312,"Оказание комплекса услуг, входящих в туристский продукт, Участникам программы гражданско-патриотического и общественно полезного молодежного туризма «Больше, чем путешествие» (Республика Алтай)","Оказание комплекса услуг, входящих в Туристическую поездку по Туристическому маршруту, группе совершеннолетних Участников в количестве от 5 до 10 человек","79.1","Услуги туристических агентств и туроператоров",null,1,"чел",150213,150213]
[6233312,"Оказание комплекса услуг, входящих в туристский продукт, Участникам программы гражданско-патриотического и общественно полезного молодежного туризма «Больше, чем путешествие» (Республика Алтай)","Оказание комплекса услуг, входящих в Туристическую поездку по Туристическому маршруту, группе совершеннолетних Участников в количестве от 11 до 20 человек","79.1","Услуги туристических агентств и туроператоров",null,1,"чел",115832,115832]
[6233312,"Оказание комплекса услуг, входящих в туристский продукт, Участникам программы гражданско-патриотического и общественно полезного молодежного туризма «Больше, чем путешествие» (Республика Алтай)","Оказание комплекса услуг, входящих в Туристическую поездку по Туристическому маршруту, группе совершеннолетних Участников в количестве от 21 до 30 человек","79.1","Услуги туристических агентств и туроператоров",null,1,"чел",99187,99187]
[6233312,"Оказание комплекса услуг, входящих в туристский продукт, Участникам программы гражданско-патриотического и общественно полезного молодежного туризма «Больше, чем путешествие» (Республика Алтай)","Оказание комплекса услуг, входящих в Туристическую поездку по Туристическому маршруту, группе совершеннолетних Участников в количестве от 21 до 30 человек","79.1","Услуги туристических агентств и туроператоров",null,1,"чел",154288,154288]
[6233312,"Оказание комплекса услуг, входящих в туристский продукт, Участникам программы гражданско-патриотического и общественно полезного молодежного туризма «Больше, чем путешествие» (Республика Алтай)","Оказание комплекса услуг, входящих в Туристическую поездку по Туристическому маршруту, группе несовершеннолетних Участников в количестве от 11 до 20 человек","79.1","Услуги туристических агентств и туроператоров",null,1,"чел",119903,119903]
[6233312,"Оказание комплекса услуг, входящих в туристский продукт, Участникам программы гражданско-патриотического и общественно полезного молодежного туризма «Больше, чем путешествие» (Республика Алтай)","Оказание комплекса услуг, входящих в Туристическую поездку по Туристическому маршруту, группе несовершеннолетних Участников в количестве от 21 до 30 человек","79.1","Услуги туристических агентств и туроператоров",null,1,"чел",103263,103263]
[6233312,"Оказание комплекса услуг, входящих в туристский продукт, Участникам программы гражданско-патриотического и общественно полезного молодежного туризма «Больше, чем путешествие» (Республика Алтай)","Оказание комплекса услуг, входящих в Туристическую поездку по Туристическому маршруту, группе Участников в составе семьи в количестве от 5 до 10 человек","79.1","Услуги туристических агентств и туроператоров",null,1,"чел",157253,157253]
[6233312,"Оказание комплекса услуг, входящих в туристский продукт, Участникам программы гражданско-патриотического и общественно полезного молодежного туризма «Больше, чем путешествие» (Республика Алтай)","Оказание комплекса услуг, входящих в Туристическую поездку по Туристическому маршруту, группе Участников в составе семьи в количестве от 11 до 20 человек","79.1","Услуги туристических агентств и туроператоров",null,1,"чел",122873,122873]
[6233312,"Оказание комплекса услуг, входящих в туристский продукт, Участникам программы гражданско-патриотического и общественно полезного молодежного туризма «Больше, чем путешествие» (Республика Алтай)","Оказание комплекса услуг, входящих в Туристическую поездку по Туристическому маршруту, группе Участников в составе семьи в количестве от 21 до 30 человек","79.1","Услуги туристических агентств и туроператоров",null,1,"чел",106229,106229]
[6233312,"Оказание комплекса услуг, входящих в туристский продукт, Участникам программы гражданско-патриотического и общественно полезного молодежного туризма «Больше, чем путешествие» (Республика Алтай)","Оказание комплекса услуг, входящих в Туристическую поездку по Туристическому маршруту, группе совершеннолетних Участников в количестве от 5 до 10 человек","79.1","Услуги туристических агентств и туроператоров",null,1,"чел",121761,121761]
[6233312,"Оказание комплекса услуг, входящих в туристский продукт, Участникам программы гражданско-патриотического и общественно полезного молодежного туризма «Больше, чем путешествие» (Республика Алтай)","Оказание комплекса услуг, входящих в Туристическую поездку по Туристическому маршруту, группе совершеннолетних Участников в количестве от 11 до 20 человек","79.1","Услуги туристических агентств и туроператоров",null,1,"чел",83485,83485]
[6233312,"Оказание комплекса услуг, входящих в туристский продукт, Участникам программы гражданско-патриотического и общественно полезного молодежного туризма «Больше, чем путешествие» (Республика Алтай)","Оказание комплекса услуг, входящих в Туристическую поездку по Туристическому маршруту, группе совершеннолетних Участников в количестве от 21 до 30 человек","79.1","Услуги туристических агентств и туроператоров",null,1,"чел",70735,70735]
[6233312,"Оказание комплекса услуг, входящих в туристский продукт, Участникам программы гражданско-патриотического и общественно полезного молодежного туризма «Больше, чем путешествие» (Республика Алтай)","Оказание комплекса услуг, входящих в Туристическую поездку по Туристическому маршруту, группе несовершеннолетних Участников в количестве от 5 до 10 человек","79.1","Услуги туристических агентств и туроператоров",null,1,"чел",125836,125836]
[6233312,"Оказание комплекса услуг, входящих в туристский продукт, Участникам программы гражданско-патриотического и общественно полезного молодежного туризма «Больше, чем путешествие» (Республика Алтай)","Оказание комплекса услуг, входящих в Туристическую поездку по Туристическому маршруту, группе несовершеннолетних Участников в количестве от 11 до 20 человек","79.1","Услуги туристических агентств и туроператоров",null,1,"чел",87556,87556]
[6233312,"Оказание комплекса услуг, входящих в туристский продукт, Участникам программы гражданско-патриотического и общественно полезного молодежного туризма «Больше, чем путешествие» (Республика Алтай)","Оказание комплекса услуг, входящих в Туристическую поездку по Туристическому маршруту, группе несовершеннолетних Участников в количестве от 21 до 30 человек","79.1","Услуги туристических агентств и туроператоров",null,1,"чел",74811,74811]
[6233312,"Оказание комплекса услуг, входящих в туристский продукт, Участникам программы гражданско-патриотического и общественно полезного молодежного туризма «Больше, чем путешествие» (Республика Алтай)","Оказание комплекса услуг, входящих в Туристическую поездку по Туристическому маршруту, группе Участников в составе семьи в количестве от 5 до 10 человек","79.1","Услуги туристических агентств и туроператоров",null,1,"чел",128801,128801]
[6233312,"Оказание комплекса услуг, входящих в туристский продукт, Участникам программы гражданско-патриотического и общественно полезного молодежного туризма «Больше, чем путешествие» (Республика Алтай)","Оказание комплекса услуг, входящих в Туристическую поездку по Туристическому маршруту, группе Участников в составе семьи в количестве от 11 до 20 человек","79.1","Услуги туристических агентств и туроператоров",null,1,"чел",90526,90526]
[6233312,"Оказание комплекса услуг, входящих в туристский продукт, Участникам программы гражданско-патриотического и общественно полезного молодежного туризма «Больше, чем путешествие» (Республика Алтай)","Оказание комплекса услуг, входящих в Туристическую поездку по Туристическому маршруту, группе Участников в составе семьи в количестве от 21 до 30 человек","79.1","Услуги туристических агентств и туроператоров",null,1,"чел",77777,77777]
[6233306,"Паста серебросодержащая(для закалённого стекла) АГХ-А-50, АГХ-А-80","Паста серебросодержащая(для закалённого стекла) АГХ-А-50",{"$nulls":3},1,"кг",0,0]
[6233306,"Паста серебросодержащая(для закалённого стекла) АГХ-А-50, АГХ-А-80","Паста серебросодержащая(для закалённого стекла) АГХ-А-80",{"$nulls":3},1,"кг",0,0]
[6233306,"Паста серебросодержащая(для закалённого стекла) АГХ-А-50, АГХ-А-80","Разбавитель для пасты",{"$nulls":3},0.2,"кг",0,0]
[10309463,"ИЗГОТОВЛЕНИЕ МЕБЕЛИ","Изготовление шкафа по индивидуальному проекту",null,"Услуги по производству мебели для офисов и предприятий торговли отдельные, выполняемые субподрядчиком",null,1,"шт",100000,100000]
[10309463,"ИЗГОТОВЛЕНИЕ МЕБЕЛИ","Изготовление тумбы по индивидуальному проекту",null,"Услуги по производству мебели для офисов и предприятий торговли отдельные, выполняемые субподрядчиком",null,2,"шт",30000,60000]
[10309463,"ИЗГОТОВЛЕНИЕ МЕБЕЛИ","Изготовление тумбы по индивидуальному проекту",null,"Услуги по производству мебели для офисов и предприятий торговли отдельные, выполняемые субподрядчиком",null,3,"шт",15000,45000]
[10309463,"ИЗГОТОВЛЕНИЕ МЕБЕЛИ","Изготовление тумбы по индивидуальному проекту",null,"Услуги по производству мебели для офисов и предприятий торговли отдельные, выполняемые субподрядчиком",null,2,"шт",10000,20000]
[10309463,"ИЗГОТОВЛЕНИЕ МЕБЕЛИ","Изготовление шкафа по индивидуальному проекту",null,"Услуги по производству мебели для офисов и предприятий торговли отдельные, выполняемые субподрядчиком",null,1,"шт",130000,130000]
[10309463,"ИЗГОТОВЛЕНИЕ МЕБЕЛИ","Изготовление шкафа по индивидуальному проекту",null,"Услуги по производству мебели для офисов и предприятий торговли отдельные, выполняемые субподрядчиком",null,1,"шт",100000,100000]
[10309463,"ИЗГОТОВЛЕНИЕ МЕБЕЛИ","Изготовление кухонного гарнитура по индивидуальному проекту",null,"Услуги по производству мебели для офисов и предприятий торговли отдельные, выполняемые субподрядчиком",null,3,"шт",10000,30000]
[10309463,"ИЗГОТОВЛЕНИЕ МЕБЕЛИ","Изготовление кухонного гарнитура по индивидуальному проекту",null,"Услуги по производству мебели для офисов и предприятий торговли отдельные, выполняемые субподрядчиком",null,3,"шт",10000,30000]
[10309462,"СПОРТИВНОЕ ОБОРУДОВАНИЕ И ИНВЕНТАРЬ","Граната для метания 500 гр",null,"Инвентарь для занятий физической культурой, гимнастикой и тяжелой атлетикой прочий, не включенный в другие группировки",null,12,"шт",452,5424]
[10309462,"СПОРТИВНОЕ ОБОРУДОВАНИЕ И ИНВЕНТАРЬ","Граната для метания 700гр отечественная",null,"Инвентарь и оборудование для спортивной и художественной гимнастики",null,12,"шт",790,9480]
[10309462,"СПОРТИВНОЕ ОБОРУДОВАНИЕ И ИНВЕНТАРЬ","Насос для накачивания мячей \"Дельта фитнес\" зелёный",null,"Насосы воздушные ручные или ножные",null,5,"шт",540,2700]
[10309462,"СПОРТИВНОЕ ОБОРУДОВАНИЕ И ИНВЕНТАРЬ","Свисток со шнурком",null,"Инвентарь судейский, тренировочный и прочий для спортивных игр; приспособления для подготовки инвентаря для спортивных игр",null,5,"шт",160,800]
[10309462,"СПОРТИВНОЕ ОБОРУДОВАНИЕ И ИНВЕНТАРЬ","Брусья гимнастические мужские массовые",null,"Инвентарь и оборудование для спортивной и художественной гимнастики",null,1,"шт",54000,54000]
[10309462,"СПОРТИВНОЕ ОБОРУДОВАНИЕ И ИНВЕНТАРЬ","Табло базовое спортивное Элтабло ТС-100х11-base-ПК-ПДУ, табло №4 550х950х60мм",null,"Световые табло и аналогичные устройства, предназначенные для использования со светодиодными лампами и прочими светодиодными источниками света",null,1,"шт",56000,56000]
[6233305,"Оказание комплекса услуг по подготовке и проведению Московского инвестиционно-промышленного форума в г. Москве и проведению реверсной бизнес-миссии с партнерами из Китайской Народной Республики в рамках Московского инвестиционно-промышленного форума 2026","Оказание комплекса услуг по подготовке и проведению Московского инвестиционно-промышленного форума в г. Москве и проведению реверсной бизнес-миссии с партнерами из Китайской Народной Республики в рамках Московского инвестиционно-промышленного форума 2026","82.3","Услуги по организации конференций и торговых выставок",null,1,"усл. ед",37000000,37000000]
[6233304,"Выполнение работ по изготовлению и доставке комплекта парусов для арт-объекта «Парус»","Подготовительные работы",{"$nulls":3},1,"усл. ед",0,0]
[6233304,"Выполнение работ по изготовлению и доставке комплекта парусов для арт-объекта «Парус»","Изготовление парусов",{"$nulls":3},1,"усл. ед",0,0]
[6233304,"Выполнение работ по изготовлению и доставке комплекта парусов для арт-объекта «Парус»","Доставка",{"$nulls":3},1,"усл. ед",0,0]
[10309460,"Видеокарта NVIDIA Quadro RTX 5000 Ada 32GB","Видеокарта NVIDIA Quadro RTX 5000 Ada 32GB",null,"Комплектующие и запасные части для вычислительных машин, принтеров и многофункциональных печатающих устройств прочие, не включенные в другие группировки",null,2,"шт",330000,660000]
[6233303,"Приобретение ИТ оборудования","ATEN\tKL1508AIM-AXA-RG\tКВМ консоль ATEN 17\" 1-Local/Remote Share Access 8-Port Multi-Interface Cat 5 Dual Rail LCD KVM over IP switch",{"$nulls":3},2,"шт",0,0]
[6233303,"Приобретение ИТ оборудования","ATEN\tKA7170-AX\tМодуль удлинителя ATEN USB VGA KVM Adapter with Composite Video Support",{"$nulls":3},6,"шт",0,0]
[6233303,"Приобретение ИТ оборудования","Cabeus\tPC-UTP-RJ45-Cat.5e-20m\tCabeus PC-UTP-RJ45-Cat.5e-20m Патч-корд U/UTP, категория 5е, 2xRJ45/8p8c, неэкранированный, серый, PVC, 20м",{"$nulls":3},6,"шт",0,0]
[6233303,"Приобретение ИТ оборудования","MSI\tMP242A\tМонитор 23.8\" MSI PRO MP242A IPS, 1920x1080, 100Hz, 4ms, 300сd/m, 1000:1, | VGA, HDMI(1.4b), DP(1.2a) | InPSU, Speakers, Vesa 100, Black",{"$nulls":3},10,"шт",0,0]
[6233303,"Приобретение ИТ оборудования","Logitech \t920-002561\tКлавиатура+мышь Logitech Desktop MK120 (Keybord&mouse), USB, Rus/Eng, [920-002561]",{"$nulls":3},6,"шт",0,0]
[6233303,"Приобретение ИТ оборудования","ExeGate\tEX-UAE-AMAF-25.0\tУдлинитель USB для подключения внешних мыши и клавиатуры, 25 м. для соединения с консолью",{"$nulls":3},4,"шт",0,0]
[6233303,"Приобретение ИТ оборудования","ExeGate\tEX-CC-PVGA-15M15M-20.0\tУдлинитель VGA для подключения внешнего монитора, 20 м. для соединения с консолью",{"$nulls":3},2,"шт",0,0]
[6233303,"Приобретение ИТ оборудования","Pantum\tP2500NW\tЛазерный монохромный принтер Pantum P2500NW, Printer, Mono laser, А4, 22 ppm (max 15000 p/mon), 600 MHz, 1200x1200 dpi, 128 MB RAM, paper tray 150 pages, USB, LAN, WiFi, start. cartridge (black)",{"$nulls":3},2,"шт",0,0]
[6233297,"Выполнение работ по изготовлению, доставке и монтажу информационных табличек и стенда арт-объектов арт-парка «Таврида» с демонтажем существующих табличек","Подготовительные работы",{"$nulls":3},1,"усл. ед",0,0]
[6233297,"Выполнение работ по изготовлению, доставке и монтажу информационных табличек и стенда арт-объектов арт-парка «Таврида» с демонтажем существующих табличек","Изготовление",{"$nulls":3},1,"усл. ед",0,0]
[6233297,"Выполнение работ по изготовлению, доставке и монтажу информационных табличек и стенда арт-объектов арт-парка «Таврида» с демонтажем существующих табличек","Доставка, демонтаж и монтаж",{"$nulls":3},1,"усл. ед",0,0]
[6233299,"Оказание комплекса услуг, входящих в туристский продукт, Участникам программы гражданско-патриотического и общественно полезного молодежного туризма «Больше, чем путешествие» в рамках Всероссийского конкурса «Знать. \nЛюбить. Гордиться!» (Ханты-Мансийский автономный округ - Югра)","Оказание комплекса услуг, входящих в Туристическую поездку по Туристическому маршруту, группе совершеннолетних Участников в количестве от 5 до 10 человек","79.1","Услуги туристических агентств и туроператоров",null,1,"чел",109896,109896]
[6233299,"Оказание комплекса услуг, входящих в туристский продукт, Участникам программы гражданско-патриотического и общественно полезного молодежного туризма «Больше, чем путешествие» в рамках Всероссийского конкурса «Знать. \nЛюбить. Гордиться!» (Ханты-Мансийский автономный округ - Югра)","Оказание комплекса услуг, входящих в Туристическую поездку по Туристическому маршруту, группе совершеннолетних Участников в количестве от 11 до 20 человек","79.1","Услуги туристических агентств и туроператоров",null,1,"чел",88000,88000]
[6233299,"Оказание комплекса услуг, входящих в туристский продукт, Участникам программы гражданско-патриотического и общественно полезного молодежного туризма «Больше, чем путешествие» в рамках Всероссийского конкурса «Знать. \nЛюбить. Гордиться!» (Ханты-Мансийский автономный округ - Югра)","Оказание комплекса услуг, входящих в Туристическую поездку по Туристическому маршруту, группе совершеннолетних Участников в количестве от 21 до 30 человек","79.1","Услуги туристических агентств и туроператоров",null,1,"чел",85374,85374]
[6233299,"Оказание комплекса услуг, входящих в туристский продукт, Участникам программы гражданско-патриотического и общественно полезного молодежного туризма «Больше, чем путешествие» в рамках Всероссийского конкурса «Знать. \nЛюбить. Гордиться!» (Ханты-Мансийский автономный округ - Югра)","Оказание комплекса услуг, входящих в Туристическую поездку по Туристическому маршруту, группе совершеннолетних Участников в количестве от 21 до 30 человек","79.1","Услуги туристических агентств и туроператоров",null,1,"чел",111827,111827]
[6233299,"Оказание комплекса услуг, входящих в туристский продукт, Участникам программы гражданско-патриотического и общественно полезного молодежного туризма «Больше, чем путешествие» в рамках Всероссийского конкурса «Знать. \nЛюбить. Гордиться!» (Ханты-Мансийский автономный округ - Югра)","Оказание комплекса услуг, входящих в Туристическую поездку по Туристическому маршруту, группе несовершеннолетних Участников в количестве от 11 до 20 человек","79.1","Услуги туристических агентств и туроператоров",null,1,"чел",89931,89931]
[6233299,"Оказание комплекса услуг, входящих в туристский продукт, Участникам программы гражданско-патриотического и общественно полезного молодежного туризма «Больше, чем путешествие» в рамках Всероссийского конкурса «Знать. \nЛюбить. Гордиться!» (Ханты-Мансийский автономный округ - Югра)","Оказание комплекса услуг, входящих в Туристическую поездку по Туристическому маршруту, группе несовершеннолетних Участников в количестве от 21 до 30 человек","79.1","Услуги туристических агентств и туроператоров",null,1,"чел",87305,87305]
[6233299,"Оказание комплекса услуг, входящих в туристский продукт, Участникам программы гражданско-патриотического и общественно полезного молодежного туризма «Больше, чем путешествие» в рамках Всероссийского конкурса «Знать. \nЛюбить. Гордиться!» (Ханты-Мансийский автономный округ - Югра)","Оказание комплекса услуг, входящих в Туристическую поездку по Туристическому маршруту, группе Участников в составе семьи в количестве от 5 до 10 человек","79.1","Услуги туристических агентств и туроператоров",null,1,"чел",108327,108327]
[6233299,"Оказание комплекса услуг, входящих в туристский продукт, Участникам программы гражданско-патриотического и общественно полезного молодежного туризма «Больше, чем путешествие» в рамках Всероссийского конкурса «Знать. \nЛюбить. Гордиться!» (Ханты-Мансийский автономный округ - Югра)","Оказание комплекса услуг, входящих в Туристическую поездку по Туристическому маршруту, группе Участников в составе семьи в количестве от 11 до 20 человек","79.1","Услуги туристических агентств и туроператоров",null,1,"чел",86341,86341]
[6233299,"Оказание комплекса услуг, входящих в туристский продукт, Участникам программы гражданско-патриотического и общественно полезного молодежного туризма «Больше, чем путешествие» в рамках Всероссийского конкурса «Знать. \nЛюбить. Гордиться!» (Ханты-Мансийский автономный округ - Югра)","Оказание комплекса услуг, входящих в Туристическую поездку по Туристическому маршруту, группе Участников в составе семьи в количестве от 21 до 30 человек","79.1","Услуги туристических агентств и туроператоров",null,1,"чел",83716,83716]
[6233299,"Оказание комплекса услуг, входящих в туристский продукт, Участникам программы гражданско-патриотического и общественно полезного молодежного туризма «Больше, чем путешествие» в рамках Всероссийского конкурса «Знать. \nЛюбить. Гордиться!» (Ханты-Мансийский автономный округ - Югра)","Оказание комплекса услуг, входящих в Туристическую поездку по Туристическому маршруту, группе совершеннолетних Участников в количестве от 5 до 10 человек","79.1","Услуги туристических агентств и туроператоров",null,1,"чел",80567,80567]
[6233299,"Оказание комплекса услуг, входящих в туристский продукт, Участникам программы гражданско-патриотического и общественно полезного молодежного туризма «Больше, чем путешествие» в рамках Всероссийского конкурса «Знать. \nЛюбить. Гордиться!» (Ханты-Мансийский автономный округ - Югра)","Оказание комплекса услуг, входящих в Туристическую поездку по Туристическому маршруту, группе совершеннолетних Участников в количестве от 11 до 20 человек","79.1","Услуги туристических агентств и туроператоров",null,1,"чел",58671,58671]
[6233299,"Оказание комплекса услуг, входящих в туристский продукт, Участникам программы гражданско-патриотического и общественно полезного молодежного туризма «Больше, чем путешествие» в рамках Всероссийского конкурса «Знать. \nЛюбить. Гордиться!» (Ханты-Мансийский автономный округ - Югра)","Оказание комплекса услуг, входящих в Туристическую поездку по Туристическому маршруту, группе совершеннолетних Участников в количестве от 21 до 30 человек","79.1","Услуги туристических агентств и туроператоров",null,1,"чел",56045,56045]
[6233299,"Оказание комплекса услуг, входящих в туристский продукт, Участникам программы гражданско-патриотического и общественно полезного молодежного туризма «Больше, чем путешествие» в рамках Всероссийского конкурса «Знать. \nЛюбить. Гордиться!» (Ханты-Мансийский автономный округ - Югра)","Оказание комплекса услуг, входящих в Туристическую поездку по Туристическому маршруту, группе несовершеннолетних Участников в количестве от 5 до 10 человек","79.1","Услуги туристических агентств и туроператоров",null,1,"чел",82498,82498]
[6233299,"Оказание комплекса услуг, входящих в туристский продукт, Участникам программы гражданско-патриотического и общественно полезного молодежного туризма «Больше, чем путешествие» в рамках Всероссийского конкурса «Знать. \nЛюбить. Гордиться!» (Ханты-Мансийский автономный округ - Югра)","Оказание комплекса услуг, входящих в Туристическую поездку по Туристическому маршруту, группе несовершеннолетних Участников в количестве от 11 до 20 человек","79.1","Услуги туристических агентств и туроператоров",null,1,"чел",60602,60602]
[6233299,"Оказание комплекса услуг, входящих в туристский продукт, Участникам программы гражданско-патриотического и общественно полезного молодежного туризма «Больше, чем путешествие» в рамках Всероссийского конкурса «Знать. \nЛюбить. Гордиться!» (Ханты-Мансийский автономный округ - Югра)","Оказание комплекса услуг, входящих в Туристическую поездку по Туристическому маршруту, группе несовершеннолетних Участников в количестве от 21 до 30 человек","79.1","Услуги туристических агентств и туроператоров",null,1,"чел",57976,57976]
[6233299,"Оказание комплекса услуг, входящих в туристский продукт, Участникам программы гражданско-патриотического и общественно полезного молодежного туризма «Больше, чем путешествие» в рамках Всероссийского конкурса «Знать. \nЛюбить. Гордиться!» (Ханты-Мансийский автономный округ - Югра)","Оказание комплекса услуг, входящих в Туристическую поездку по Туристическому маршруту, группе Участников в составе семьи в количестве от 5 до 10 человек","79.1","Услуги туристических агентств и туроператоров",null,1,"чел",78908,78908]
[6233299,"Оказание комплекса услуг, входящих в туристский продукт, Участникам программы гражданско-патриотического и общественно полезного молодежного туризма «Больше, чем путешествие» в рамках Всероссийского конкурса «Знать. \nЛюбить. Гордиться!» (Ханты-Мансийский автономный округ - Югра)","Оказание комплекса услуг, входящих в Туристическую поездку по Туристическому маршруту, группе Участников в составе семьи в количестве от 11 до 20 человек","79.1","Услуги туристических агентств и туроператоров",null,1,"чел",57012,57012]
[6233299,"Оказание комплекса услуг, входящих в туристский продукт, Участникам программы гражданско-патриотического и общественно полезного молодежного туризма «Больше, чем путешествие» в рамках Всероссийского конкурса «Знать. \nЛюбить. Гордиться!» (Ханты-Мансийский автономный округ - Югра)","Цена, без учета услуг по перевозке из Пункта отправления в Место проведения Маршрута и в обратном направлении, в том числе НДС*/ без НДС, руб., на 1 (одного) Участника","79.1","Услуги туристических агентств и туроператоров",null,1,"чел",54387,54387]
[6233290,"Оказание комплекса услуг, входящих в туристский продукт, Участникам программы гражданско-патриотического и общественно полезного молодежного туризма «Больше, чем путешествие» в рамках Всероссийского конкурса «Знать. \nЛюбить. Гордиться!» (Ханты-Мансийский автономный округ - Югра)","Оказание комплекса услуг, входящих в Туристическую поездку по Туристическому маршруту, группе совершеннолетних Участников в количестве от 5 до 10 человек","79.1","Услуги туристических агентств и туроператоров",null,1,"чел",109896,109896]
[6233290,"Оказание комплекса услуг, входящих в туристский продукт, Участникам программы гражданско-патриотического и общественно полезного молодежного туризма «Больше, чем путешествие» в рамках Всероссийского конкурса «Знать. \nЛюбить. Гордиться!» (Ханты-Мансийский автономный округ - Югра)","Оказание комплекса услуг, входящих в Туристическую поездку по Туристическому маршруту, группе совершеннолетних Участников в количестве от 11 до 20 человек","79.1","Услуги туристических агентств и туроператоров",null,1,"чел",88000,88000]
[6233290,"Оказание комплекса услуг, входящих в туристский продукт, Участникам программы гражданско-патриотического и общественно полезного молодежного туризма «Больше, чем путешествие» в рамках Всероссийского конкурса «Знать. \nЛюбить. Гордиться!» (Ханты-Мансийский автономный округ - Югра)","Оказание комплекса услуг, входящих в Туристическую поездку по Туристическому маршруту, группе совершеннолетних Участников в количестве от 21 до 30 человек","79.1","Услуги туристических агентств и туроператоров",null,1,"чел",45374,45374]
[6233290,"Оказание комплекса услуг, входящих в туристский продукт, Участникам программы гражданско-патриотического и общественно полезного молодежного туризма «Больше, чем путешествие» в рамках Всероссийского конкурса «Знать. \nЛюбить. Гордиться!» (Ханты-Мансийский автономный округ - Югра)","Оказание комплекса услуг, входящих в Туристическую поездку по Туристическому маршруту, группе совершеннолетних Участников в количестве от 21 до 30 человек","79.1","Услуги туристических агентств и туроператоров",null,1,"чел",111827,111827]
[6233290,"Оказание комплекса услуг, входящих в туристский продукт, Участникам программы гражданско-патриотического и общественно полезного молодежного туризма «Больше, чем путешествие» в рамках Всероссийского конкурса «Знать. \nЛюбить. Гордиться!» (Ханты-Мансийский автономный округ - Югра)","Оказание комплекса услуг, входящих в Туристическую поездку по Туристическому маршруту, группе несовершеннолетних Участников в количестве от 11 до 20 человек","79.1","Услуги туристических агентств и туроператоров",null,1,"чел",89931,89931]
[6233290,"Оказание комплекса услуг, входящих в туристский продукт, Участникам программы гражданско-патриотического и общественно полезного молодежного туризма «Больше, чем путешествие» в рамках Всероссийского конкурса «Знать. \nЛюбить. Гордиться!» (Ханты-Мансийский автономный округ - Югра)","Оказание комплекса услуг, входящих в Туристическую поездку по Туристическому маршруту, группе несовершеннолетних Участников в количестве от 21 до 30 человек","79.1","Услуги туристических агентств и туроператоров",null,1,"чел",87305,87305]
[6233290,"Оказание комплекса услуг, входящих в туристский продукт, Участникам программы гражданско-патриотического и общественно полезного молодежного туризма «Больше, чем путешествие» в рамках Всероссийского конкурса «Знать. \nЛюбить. Гордиться!» (Ханты-Мансийский автономный округ - Югра)","Оказание комплекса услуг, входящих в Туристическую поездку по Туристическому маршруту, группе Участников в составе семьи в количестве от 5 до 10 человек","79.1","Услуги туристических агентств и туроператоров",null,1,"чел",108327,108327]
[6233290,"Оказание комплекса услуг, входящих в туристский продукт, Участникам программы гражданско-патриотического и общественно полезного молодежного туризма «Больше, чем путешествие» в рамках Всероссийского конкурса «Знать. \nЛюбить. Гордиться!» (Ханты-Мансийский автономный округ - Югра)","Оказание комплекса услуг, входящих в Туристическую поездку по Туристическому маршруту, группе Участников в составе семьи в количестве от 11 до 20 человек","79.1","Услуги туристических агентств и туроператоров",null,1,"чел",86341,86341]
[6233290,"Оказание комплекса услуг, входящих в туристский продукт, Участникам программы гражданско-патриотического и общественно полезного молодежного туризма «Больше, чем путешествие» в рамках Всероссийского конкурса «Знать. \nЛюбить. Гордиться!» (Ханты-Мансийский автономный округ - Югра)","Оказание комплекса услуг, входящих в Туристическую поездку по Туристическому маршруту, группе Участников в составе семьи в количестве от 21 до 30 человек","79.1","Услуги туристических агентств и туроператоров",null,1,"чел",83716,83716]
[6233290,"Оказание комплекса услуг, входящих в туристский продукт, Участникам программы гражданско-патриотического и общественно полезного молодежного туризма «Больше, чем путешествие» в рамках Всероссийского конкурса «Знать. \nЛюбить. Гордиться!» (Ханты-Мансийский автономный округ - Югра)","Оказание комплекса услуг, входящих в Туристическую поездку по Туристическому маршруту, группе совершеннолетних Участников в количестве от 5 до 10 человек","79.1","Услуги туристических агентств и туроператоров",null,1,"чел",80567,80567]
[6233290,"Оказание комплекса услуг, входящих в туристский продукт, Участникам программы гражданско-патриотического и общественно полезного молодежного туризма «Больше, чем путешествие» в рамках Всероссийского конкурса «Знать. \nЛюбить. Гордиться!» (Ханты-Мансийский автономный округ - Югра)","Оказание комплекса услуг, входящих в Туристическую поездку по Туристическому маршруту, группе совершеннолетних Участников в количестве от 11 до 20 человек","79.1","Услуги туристических агентств и туроператоров",null,1,"чел",58671,58671]
[6233290,"Оказание комплекса услуг, входящих в туристский продукт, Участникам программы гражданско-патриотического и общественно полезного молодежного туризма «Больше, чем путешествие» в рамках Всероссийского конкурса «Знать. \nЛюбить. Гордиться!» (Ханты-Мансийский автономный округ - Югра)","Оказание комплекса услуг, входящих в Туристическую поездку по Туристическому маршруту, группе совершеннолетних Участников в количестве от 21 до 30 человек","79.1","Услуги туристических агентств и туроператоров",null,1,"чел",56045,56045]
[6233290,"Оказание комплекса услуг, входящих в туристский продукт, Участникам программы гражданско-патриотического и общественно полезного молодежного туризма «Больше, чем путешествие» в рамках Всероссийского конкурса «Знать. \nЛюбить. Гордиться!» (Ханты-Мансийский автономный округ - Югра)","Оказание комплекса услуг, входящих в Туристическую поездку по Туристическому маршруту, группе несовершеннолетних Участников в количестве от 5 до 10 человек","79.1","Услуги туристических агентств и туроператоров",null,1,"чел",82498,82498]
[6233290,"Оказание комплекса услуг, входящих в туристский продукт, Участникам программы гражданско-патриотического и общественно полезного молодежного туризма «Больше, чем путешествие» в рамках Всероссийского конкурса «Знать. \nЛюбить. Гордиться!» (Ханты-Мансийский автономный округ - Югра)","Оказание комплекса услуг, входящих в Туристическую поездку по Туристическому маршруту, группе несовершеннолетних Участников в количестве от 11 до 20 человек","79.1","Услуги туристических агентств и туроператоров",null,1,"чел",60602,60602]
[6233290,"Оказание комплекса услуг, входящих в туристский продукт, Участникам программы гражданско-патриотического и общественно полезного молодежного туризма «Больше, чем путешествие» в рамках Всероссийского конкурса «Знать. \nЛюбить. Гордиться!» (Ханты-Мансийский автономный округ - Югра)","Оказание комплекса услуг, входящих в Туристическую поездку по Туристическому маршруту, группе несовершеннолетних Участников в количестве от 21 до 30 человек","79.1","Услуги туристических агентств и туроператоров",null,1,"чел",57976,57976]
[6233290,"Оказание комплекса услуг, входящих в туристский продукт, Участникам программы гражданско-патриотического и общественно полезного молодежного туризма «Больше, чем путешествие» в рамках Всероссийского конкурса «Знать. \nЛюбить. Гордиться!» (Ханты-Мансийский автономный округ - Югра)","Оказание комплекса услуг, входящих в Туристическую поездку по Туристическому маршруту, группе Участников в составе семьи в количестве от 5 до 10 человек","79.1","Услуги туристических агентств и туроператоров",null,1,"чел",78908,78908]
[6233290,"Оказание комплекса услуг, входящих в туристский продукт, Участникам программы гражданско-патриотического и общественно полезного молодежного туризма «Больше, чем путешествие» в рамках Всероссийского конкурса «Знать. \nЛюбить. Гордиться!» (Ханты-Мансийский автономный округ - Югра)","Оказание комплекса услуг, входящих в Туристическую поездку по Туристическому маршруту, группе Участников в составе семьи в количестве от 11 до 20 человек","79.1","Услуги туристических агентств и туроператоров",null,1,"чел",57012,57012]
[6233290,"Оказание комплекса услуг, входящих в туристский продукт, Участникам программы гражданско-патриотического и общественно полезного молодежного туризма «Больше, чем путешествие» в рамках Всероссийского конкурса «Знать. \nЛюбить. Гордиться!» (Ханты-Мансийский автономный округ - Югра)","Цена, без учета услуг по перевозке из Пункта отправления в Место проведения Маршрута и в обратном направлении, в том числе НДС*/ без НДС, руб., на 1 (одного) Участника","79.1","Услуги туристических агентств и туроператоров",null,1,"чел",54387,54387]
[6233300,"Оказание комплекса услуг, входящих в туристский продукт, Участникам программы гражданско-патриотического и общественно полезного молодежного туризма «Больше, чем путешествие» в рамках Всероссийского конкурса «Знать. \nЛюбить. Гордиться!» (Ханты-Мансийский автономный округ - Югра)","Оказание комплекса услуг, входящих в Туристическую поездку по Туристическому маршруту, группе совершеннолетних Участников в количестве от 5 до 10 человек","79.1","Услуги туристических агентств и туроператоров",null,1,"чел",109896,109896]
[6233300,"Оказание комплекса услуг, входящих в туристский продукт, Участникам программы гражданско-патриотического и общественно полезного молодежного туризма «Больше, чем путешествие» в рамках Всероссийского конкурса «Знать. \nЛюбить. Гордиться!» (Ханты-Мансийский автономный округ - Югра)","Оказание комплекса услуг, входящих в Туристическую поездку по Туристическому маршруту, группе совершеннолетних Участников в количестве от 11 до 20 человек","79.1","Услуги туристических агентств и туроператоров",null,1,"чел",88000,88000]
[6233300,"Оказание комплекса услуг, входящих в туристский продукт, Участникам программы гражданско-патриотического и общественно полезного молодежного туризма «Больше, чем путешествие» в рамках Всероссийского конкурса «Знать. \nЛюбить. Гордиться!» (Ханты-Мансийский автономный округ - Югра)","Оказание комплекса услуг, входящих в Туристическую поездку по Туристическому маршруту, группе совершеннолетних Участников в количестве от 21 до 30 человек","79.1","Услуги туристических агентств и туроператоров",null,1,"чел",85374,85374]
[6233300,"Оказание комплекса услуг, входящих в туристский продукт, Участникам программы гражданско-патриотического и общественно полезного молодежного туризма «Больше, чем путешествие» в рамках Всероссийского конкурса «Знать. \nЛюбить. Гордиться!» (Ханты-Мансийский автономный округ - Югра)","Оказание комплекса услуг, входящих в Туристическую поездку по Туристическому маршруту, группе совершеннолетних Участников в количестве от 21 до 30 человек","79.1","Услуги туристических агентств и туроператоров",null,1,"чел",111827,111827]
[6233300,"Оказание комплекса услуг, входящих в туристский продукт, Участникам программы гражданско-патриотического и общественно полезного молодежного туризма «Больше, чем путешествие» в рамках Всероссийского конкурса «Знать. \nЛюбить. Гордиться!» (Ханты-Мансийский автономный округ - Югра)","Оказание комплекса услуг, входящих в Туристическую поездку по Туристическому маршруту, группе несовершеннолетних Участников в количестве от 11 до 20 человек","79.1","Услуги туристических агентств и туроператоров",null,1,"чел",89931,89931]
[6233300,"Оказание комплекса услуг, входящих в туристский продукт, Участникам программы гражданско-патриотического и общественно полезного молодежного туризма «Больше, чем путешествие» в рамках Всероссийского конкурса «Знать. \nЛюбить. Гордиться!» (Ханты-Мансийский автономный округ - Югра)","Оказание комплекса услуг, входящих в Туристическую поездку по Туристическому маршруту, группе несовершеннолетних Участников в количестве от 21 до 30 человек","79.1","Услуги туристических агентств и туроператоров",null,1,"чел",87305,87305]
[6233300,"Оказание комплекса услуг, входящих в туристский продукт, Участникам программы гражданско-патриотического и общественно полезного молодежного туризма «Больше, чем путешествие» в рамках Всероссийского конкурса «Знать. \nЛюбить. Гордиться!» (Ханты-Мансийский автономный округ - Югра)","Оказание комплекса услуг, входящих в Туристическую поездку по Туристическому маршруту, группе Участников в составе семьи в количестве от 5 до 10 человек","79.1","Услуги туристических агентств и туроператоров",null,1,"чел",108237,108237]
[6233300,"Оказание комплекса услуг, входящих в туристский продукт, Участникам программы гражданско-патриотического и общественно полезного молодежного туризма «Больше, чем путешествие» в рамках Всероссийского конкурса «Знать. \nЛюбить. Гордиться!» (Ханты-Мансийский автономный округ - Югра)","Оказание комплекса услуг, входящих в Туристическую поездку по Туристическому маршруту, группе Участников в составе семьи в количестве от 11 до 20 человек","79.1","Услуги туристических агентств и туроператоров",null,1,"чел",86341,86341]
[6233300,"Оказание комплекса услуг, входящих в туристский продукт, Участникам программы гражданско-патриотического и общественно полезного молодежного туризма «Больше, чем путешествие» в рамках Всероссийского конкурса «Знать. \nЛюбить. Гордиться!» (Ханты-Мансийский автономный округ - Югра)","Оказание комплекса услуг, входящих в Туристическую поездку по Туристическому маршруту, группе Участников в составе семьи в количестве от 21 до 30 человек","79.1","Услуги туристических агентств и туроператоров",null,1,"чел",83716,83716]
[6233300,"Оказание комплекса услуг, входящих в туристский продукт, Участникам программы гражданско-патриотического и общественно полезного молодежного туризма «Больше, чем путешествие» в рамках Всероссийского конкурса «Знать. \nЛюбить. Гордиться!» (Ханты-Мансийский автономный округ - Югра)","Оказание комплекса услуг, входящих в Туристическую поездку по Туристическому маршруту, группе совершеннолетних Участников в количестве от 5 до 10 человек","79.1","Услуги туристических агентств и туроператоров",null,1,"чел",80567,80567]
[6233300,"Оказание комплекса услуг, входящих в туристский продукт, Участникам программы гражданско-патриотического и общественно полезного молодежного туризма «Больше, чем путешествие» в рамках Всероссийского конкурса «Знать. \nЛюбить. Гордиться!» (Ханты-Мансийский автономный округ - Югра)","Оказание комплекса услуг, входящих в Туристическую поездку по Туристическому маршруту, группе совершеннолетних Участников в количестве от 11 до 20 человек","79.1","Услуги туристических агентств и туроператоров",null,1,"чел",58671,58671]
[6233300,"Оказание комплекса услуг, входящих в туристский продукт, Участникам программы гражданско-патриотического и общественно полезного молодежного туризма «Больше, чем путешествие» в рамках Всероссийского конкурса «Знать. \nЛюбить. Гордиться!» (Ханты-Мансийский автономный округ - Югра)","Оказание комплекса услуг, входящих в Туристическую поездку по Туристическому маршруту, группе совершеннолетних Участников в количестве от 21 до 30 человек","79.1","Услуги туристических агентств и туроператоров",null,1,"чел",56045,56045]
[6233300,"Оказание комплекса услуг, входящих в туристский продукт, Участникам программы гражданско-патриотического и общественно полезного молодежного туризма «Больше, чем путешествие» в рамках Всероссийского конкурса «Знать. \nЛюбить. Гордиться!» (Ханты-Мансийский автономный округ - Югра)","Оказание комплекса услуг, входящих в Туристическую поездку по Туристическому маршруту, группе несовершеннолетних Участников в количестве от 5 до 10 человек","79.1","Услуги туристических агентств и туроператоров",null,1,"чел",82498,82498]
[6233300,"Оказание комплекса услуг, входящих в туристский продукт, Участникам программы гражданско-патриотического и общественно полезного молодежного туризма «Больше, чем путешествие» в рамках Всероссийского конкурса «Знать. \nЛюбить. Гордиться!» (Ханты-Мансийский автономный округ - Югра)","Оказание комплекса услуг, входящих в Туристическую поездку по Туристическому маршруту, группе несовершеннолетних Участников в количестве от 11 до 20 человек","79.1","Услуги туристических агентств и туроператоров",null,1,"чел",60602,60602]
[6233300,"Оказание комплекса услуг, входящих в туристский продукт, Участникам программы гражданско-патриотического и общественно полезного молодежного туризма «Больше, чем путешествие» в рамках Всероссийского конкурса «Знать. \nЛюбить. Гордиться!» (Ханты-Мансийский автономный округ - Югра)","Оказание комплекса услуг, входящих в Туристическую поездку по Туристическому маршруту, группе несовершеннолетних Участников в количестве от 21 до 30 человек","79.1","Услуги туристических агентств и туроператоров",null,1,"чел",57976,57976]
[6233300,"Оказание комплекса услуг, входящих в туристский продукт, Участникам программы гражданско-патриотического и общественно полезного молодежного туризма «Больше, чем путешествие» в рамках Всероссийского конкурса «Знать. \nЛюбить. Гордиться!» (Ханты-Мансийский автономный округ - Югра)","Оказание комплекса услуг, входящих в Туристическую поездку по Туристическому маршруту, группе Участников в составе семьи в количестве от 5 до 10 человек","79.1","Услуги туристических агентств и туроператоров",null,1,"чел",78908,78908]
[6233300,"Оказание комплекса услуг, входящих в туристский продукт, Участникам программы гражданско-патриотического и общественно полезного молодежного туризма «Больше, чем путешествие» в рамках Всероссийского конкурса «Знать. \nЛюбить. Гордиться!» (Ханты-Мансийский автономный округ - Югра)","Оказание комплекса услуг, входящих в Туристическую поездку по Туристическому маршруту, группе Участников в составе семьи в количестве от 11 до 20 человек","79.1","Услуги туристических агентств и туроператоров",null,1,"чел",57012,57012]
[6233300,"Оказание комплекса услуг, входящих в туристский продукт, Участникам программы гражданско-патриотического и общественно полезного молодежного туризма «Больше, чем путешествие» в рамках Всероссийского конкурса «Знать. \nЛюбить. Гордиться!» (Ханты-Мансийский автономный округ - Югра)","Цена, без учета услуг по перевозке из Пункта отправления в Место проведения Маршрута и в обратном направлении, в том числе НДС*/ без НДС, руб., на 1 (одного) Участника","79.1","Услуги туристических агентств и туроператоров",null,1,"чел",54387,54387]
[6233283,"Оказание услуг по организации и проведению очного мероприятия Всероссийского слета для наставников Движения Первых и поставка брендированной продукции (26_63638)","Оказание услуг по организации и проведению очного мероприятия Всероссийского слета для наставников Движения Первых и поставка брендированной продукции (26_63638)",{"$nulls":3},1,"усл. ед",0,0]
[6233282,"Реконструкция газоочистного оборудования участка гипса и шлака» на Петербургский филиал АО «ЦЕМРОС»","Реконструкция газоочистного оборудования участка гипса и шлака» на Петербургский филиал АО «ЦЕМРОС»",{"$nulls":3},1,"усл. ед",0,0]
[10309457,"ИГРУШКИ ДЛЯ АКТИВНОГО ОТДЫХА","Игровой стол-аэрохоккей DFC BUFFALO DS-AT-10",null,"Игры и игрушки, не включенные в другие группировки",null,2,"ед",66073.33,132146.66]
[10309455,"Огнетушитель углекислотный ОУ-5","Огнетушитель углекислотный ОУ-5",null,"Огнетушители",null,1,"шт",1865,1865]
[10309454,"ТОВАРЫ СТРОИТЕЛЬНЫЕ","Сетка металлическая Штрек 10х0.7х0.3 мм, 1x10 м",null,"Решетки, сетки и ограждения из проволоки из черных металлов",null,1,"рул",734,734]
[10309454,"ТОВАРЫ СТРОИТЕЛЬНЫЕ","Кирка, 1500 г, MATRIX, фибергласовая обрезиненная рукоятка 900 мм",null,"Инструмент ручной прочий",null,1,"шт",1305,1305]
[10309454,"ТОВАРЫ СТРОИТЕЛЬНЫЕ","Шпатель Gigant нержавеющее профилированное полотно, GFS-100 100 мм ",null,"Инструмент слесарно-монтажный прочий, не включенный в другие группировки",null,1,"шт",165,165]
[10309454,"ТОВАРЫ СТРОИТЕЛЬНЫЕ","Шпатель фасадный Сибин нержавеющая сталь 450 мм",null,"Инструмент слесарно-монтажный прочий, не включенный в другие группировки",null,1,"шт",252,252]
[10309454,"ТОВАРЫ СТРОИТЕЛЬНЫЕ","Шпатель зубчатый FIT 06628 200 мм",null,"Инструмент слесарно-монтажный прочий, не включенный в другие группировки",null,1,"шт",155,155]
[10309454,"ТОВАРЫ СТРОИТЕЛЬНЫЕ","Шпатель фасадный ИНТЕК нержавеющая сталь 300 мм",null,"Инструмент слесарно-монтажный прочий, не включенный в другие группировки",null,1,"шт",123,123]
[10309454,"ТОВАРЫ СТРОИТЕЛЬНЫЕ","Шпатель Dominus Профи 600 нержавеющая сталь 600 мм",null,"Инструмент слесарно-монтажный прочий, не включенный в другие группировки",null,1,"шт",905,905]
[10309454,"ТОВАРЫ СТРОИТЕЛЬНЫЕ","Шпатель-правило Ремоколор 12-9-808, 800 мм ",null,"Инструмент слесарно-монтажный прочий, не включенный в другие группировки",null,1,"шт",1660,1660]
[10309454,"ТОВАРЫ СТРОИТЕЛЬНЫЕ","Шпатель-правило Storch Flexogrip Alustar 600 мм серый с алюминиевой ручкой",null,"Инструмент ручной прочий",null,1,"шт",2145,2145]
[10309454,"ТОВАРЫ СТРОИТЕЛЬНЫЕ","Зубчатая гладилка из нержавеющей стали KUBALA 130x270 мм, зуб 12x12 мм, ручка G-1 0205",null,"Инструмент ручной прочий",null,1,"шт",365,365]
[10309454,"ТОВАРЫ СТРОИТЕЛЬНЫЕ","Шпатель зубчатый ВИХРЬ нержавеющая сталь 250 мм",null,"Инструмент слесарно-монтажный прочий, не включенный в другие группировки",null,1,"шт",220,220]
[10309454,"ТОВАРЫ СТРОИТЕЛЬНЫЕ","Шпатель зубчатый Интек 10108-200-010 200 мм, нержавеющая сталь, зуб 10x10 мм",null,"Инструмент слесарно-монтажный прочий, не включенный в другие группировки",null,1,"шт",270,270]
[10309454,"ТОВАРЫ СТРОИТЕЛЬНЫЕ","Правило  алюминиевое Трапеция СИБРТЕХ  89612,  1 ребро жесткости, 3м",null,"Инструмент ручной прочий",null,1,"шт",1300,1300]
[10309454,"ТОВАРЫ СТРОИТЕЛЬНЫЕ","Алюминиевое правило Трапеция СИБРТЕХ 1 ребро жесткости, 2м 89609",null,"Инструмент ручной прочий",null,1,"шт",1233,1233]
[10309454,"ТОВАРЫ СТРОИТЕЛЬНЫЕ","Правило алюминиевое Трапеция СИБРТЕХ 1 ребро жесткости, 1м 89607",null,"Инструмент ручной прочий",null,1,"шт",426,426]
[10309454,"ТОВАРЫ СТРОИТЕЛЬНЫЕ","Щетка по металлу Vertextools пластиковая ручка 245 мм",null,"Щетки прочие, не включенные в другие группировки",null,1,"шт",88,88]
[10309454,"ТОВАРЫ СТРОИТЕЛЬНЫЕ","Щетка по металлу четырехрядная Vertextools пластиковая ручка 270 мм",null,"Щетки прочие, не включенные в другие группировки",null,1,"шт",108,108]
[10309454,"ТОВАРЫ СТРОИТЕЛЬНЫЕ","Щетка 3-рядная стальная с пластиковой ручкой (12/120)",null,"Щетки прочие, не включенные в другие группировки",null,1,"шт",75,75]
[10309454,"ТОВАРЫ СТРОИТЕЛЬНЫЕ","Дюбель-гвоздь грибовидный 6x40 мм, полипропилен, 100 шт.",null,"Материалы, изделия и конструкции строительного назначения из полимерных композитов, не включенные в другие группировки",null,1,"упак",305,305]
[10309454,"ТОВАРЫ СТРОИТЕЛЬНЫЕ","Шайба кузовная М6,  DIN 9021",null,"Шайбы из черных металлов",null,1,"шт",86,86]
[10309454,"ТОВАРЫ СТРОИТЕЛЬНЫЕ","Набор малярный Matrix валик 250 мм и кювета",null,"Щетки прочие, не включенные в другие группировки",null,1,"шт",365,365]
[10309454,"ТОВАРЫ СТРОИТЕЛЬНЫЕ","Валик малярный с ручкой TOPFORT Профи 250 мм полиакрил ворс 18 мм",null,"Щетки прочие, не включенные в другие группировки",null,1,"шт",350,350]
[10309454,"ТОВАРЫ СТРОИТЕЛЬНЫЕ","Валик сменный для водных красок Dexter ворс 10 мм полиэстер под бюгель 8 мм,  250 мм.",null,"Щетки прочие, не включенные в другие группировки",null,1,"шт",299,299]
[10309454,"ТОВАРЫ СТРОИТЕЛЬНЫЕ","Валик сменный Krafor 009-0250 полиакрил фасадный d48/250 мм ворс 18 мм бюгель 8 мм",null,"Щетки прочие, не включенные в другие группировки",null,1,"шт",330,330]
[10309453,"ТОВАРЫ ХОЗЯЙСТВЕННЫЕ, ТЕХНИКА БЫТОВАЯ","Канистра для смешивания бензина с маслом 647-703",null,"Изделия из пластмасс",null,1,"шт",390,390]
[10309453,"ТОВАРЫ ХОЗЯЙСТВЕННЫЕ, ТЕХНИКА БЫТОВАЯ","Станок для заточки цепей Ресанта Т-100 75/10/1",null,"Части бытовых электрических приборов",null,1,"шт",4790,4790]
[6233279,"Оказание услуг по проведению аудита (1) бухгалтерской (финансовой) отчётности, (2) консолидированной финансовой отчётности по итогам 2027 года, составленной в соответствии с МСФО, включая обобщённую финансовую отчётность; (3) обзорная проверка промежуточной сокращённой финансовой отчётности — для МКПАО «ВК», ООО «Мэйл.Ру Финанс» и ПАО «ВК ТЕХНОЛОГИИ» (ст. 5.1 Федерального закона от 30.12.2008 № 307-ФЗ «Об аудиторской деятельности»)","Оказание услуг по проведению аудита (1) бухгалтерской (финансовой) отчётности, (2) консолидированной финансовой отчётности по итогам 2027 года, составленной в соответствии с МСФО, включая обобщённую финансовую отчётность; (3) обзорная проверка промежуточной сокращённой финансовой отчётности — для МКПАО «ВК», ООО «Мэйл.Ру Финанс» и ПАО «ВК ТЕХНОЛОГИИ» (ст. 5.1 Федерального закона от 30.12.2008 № 307-ФЗ «Об аудиторской деятельности»)","69.20.10.000","Услуги по проведению финансового аудита",null,1,"усл. ед",127139250,127139250]
[10309452,"Оказание услуг по вывозу снега","Оказание услуг по вывозу снега",null,"Услуги по подметанию и уборке снега",null,450,"м[3*]",1300,585000]
[6233278,"Приобретение пикапов Sollers ST8 (Pro) 2026 года выпуска.","Sollers ST8 (Pro) 2026 года выпуска",{"$nulls":3},8,"шт",0,0]
[10309451,"Обучение Конечных пользователей","Обучение Конечных пользователей",null,"Услуги по обработке данных, размещению и взаимосвязанные услуги",null,35,"шт",3350,117250]
[6233237,"Оказание услуг по организации и проведению мероприятия \"Спортивно-образовательный фестиваль \"Движение\"","Оказание услуг по организации и проведению мероприятия \"Спортивно-образовательный фестиваль \"Движение\"",{"$nulls":3},1,"усл. ед",0,0]
[6233235,"Выполнение работ по устройству пешеходных дорожек к арт-объектам «Матрёшки» и «Ассоль»","Подготовительные работы",{"$nulls":3},1,"усл. ед",0,0]
[6233235,"Выполнение работ по устройству пешеходных дорожек к арт-объектам «Матрёшки» и «Ассоль»","Устройство дорожек",{"$nulls":3},1,"усл. ед",0,0]
[6233235,"Выполнение работ по устройству пешеходных дорожек к арт-объектам «Матрёшки» и «Ассоль»","Благоустройство и сдача",{"$nulls":3},1,"усл. ед",0,0]
[10309436,"ОДЕЖДА (ВКЛЮЧАЯ ФОРМЕННУЮ), ОБУВЬ, ГАЛАНТЕРЕЯ, ГОЛОВНЫЕ УБОРЫ","Аксельбанты (белые)",null,"Спецодежда",null,33,"шт",670,22110]
[10309436,"ОДЕЖДА (ВКЛЮЧАЯ ФОРМЕННУЮ), ОБУВЬ, ГАЛАНТЕРЕЯ, ГОЛОВНЫЕ УБОРЫ","Погоны суконные красные КК \"Формекс\"",null,"Платки носовые, шали, шарфы, платки, вуали, галстуки, шейные платки, перчатки и прочие готовые аксессуары к одежде, детали одежды или аксессуаров к одежде из текстильных материалов, кроме трикотажных или вязаных, не включенные в другие группировки",null,66,"пар",200,13200]
[10309436,"ОДЕЖДА (ВКЛЮЧАЯ ФОРМЕННУЮ), ОБУВЬ, ГАЛАНТЕРЕЯ, ГОЛОВНЫЕ УБОРЫ","Бант кадетский парадный 22 см",null,"Одежда, кроме одежды из меха",null,24,"шт",170,4080]
[10309436,"ОДЕЖДА (ВКЛЮЧАЯ ФОРМЕННУЮ), ОБУВЬ, ГАЛАНТЕРЕЯ, ГОЛОВНЫЕ УБОРЫ","Петлица (эмблема) общевойсковая, алюминий 1,6х2,5 см",null,"Спецодежда",null,132,"шт",30,3960]
[10309436,"ОДЕЖДА (ВКЛЮЧАЯ ФОРМЕННУЮ), ОБУВЬ, ГАЛАНТЕРЕЯ, ГОЛОВНЫЕ УБОРЫ","Эмблема (петлица) общевойсковая защитная",null,"Платки носовые, шали, шарфы, платки, вуали, галстуки, шейные платки, перчатки и прочие готовые аксессуары к одежде, детали одежды или аксессуаров к одежде из текстильных материалов, кроме трикотажных или вязаных, не включенные в другие группировки",null,66,"шт",28.33,1869.78]
[10309436,"ОДЕЖДА (ВКЛЮЧАЯ ФОРМЕННУЮ), ОБУВЬ, ГАЛАНТЕРЕЯ, ГОЛОВНЫЕ УБОРЫ","Пуговица на погоны с орлом (золото)",null,"Пуговицы",null,132,"шт",15.67,2068.44]
[10309436,"ОДЕЖДА (ВКЛЮЧАЯ ФОРМЕННУЮ), ОБУВЬ, ГАЛАНТЕРЕЯ, ГОЛОВНЫЕ УБОРЫ","Крепеж для пуговиц",null,"Пуговицы",null,132,"шт",9,1188]
[10309436,"ОДЕЖДА (ВКЛЮЧАЯ ФОРМЕННУЮ), ОБУВЬ, ГАЛАНТЕРЕЯ, ГОЛОВНЫЕ УБОРЫ","Фальш-погоны \"Кадетская форма\" КК (муфта) 55*85 мм",null,"Платки носовые, шали, шарфы, платки, вуали, галстуки, шейные платки, перчатки и прочие готовые аксессуары к одежде, детали одежды или аксессуаров к одежде из текстильных материалов, кроме трикотажных или вязаных, не включенные в другие группировки",null,33,"пар",111,3663]
[10309436,"ОДЕЖДА (ВКЛЮЧАЯ ФОРМЕННУЮ), ОБУВЬ, ГАЛАНТЕРЕЯ, ГОЛОВНЫЕ УБОРЫ","Полупальто черное для кадет",null,"Одежда, кроме одежды из меха",null,33,"шт",8400,277200]
[10309436,"ОДЕЖДА (ВКЛЮЧАЯ ФОРМЕННУЮ), ОБУВЬ, ГАЛАНТЕРЕЯ, ГОЛОВНЫЕ УБОРЫ","Шеврон кадетский \"Алые паруса\", 70х90 мм",null,"Платки носовые, шали, шарфы, платки, вуали, галстуки, шейные платки, перчатки и прочие готовые аксессуары к одежде, детали одежды или аксессуаров к одежде из текстильных материалов, кроме трикотажных или вязаных, не включенные в другие группировки",null,132,"шт",206.67,27280.44]
[10309433,"СОСТАВНЫЕ И ЗАМЕНЯЕМЫЕ ЧАСТИ, ПРИНАДЛЕЖНОСТИ И КОМПЛЕКТУЮЩИЕ ДЛЯ ГИДРОТЕРАПЕВТИЧЕСКОГО ОБОРУДОВАНИЯ","Лапка нажима для Maestrale jolly 5/12 BRAS 22900-00561",null,"Шприцы, иглы, катетеры, канюли и аналогичные инструменты; офтальмологические и прочие приборы, устройства и инструменты, не включенные в другие группировки",null,6,"шт",1852.5,11115]
[10309433,"СОСТАВНЫЕ И ЗАМЕНЯЕМЫЕ ЧАСТИ, ПРИНАДЛЕЖНОСТИ И КОМПЛЕКТУЮЩИЕ ДЛЯ ГИДРОТЕРАПЕВТИЧЕСКОГО ОБОРУДОВАНИЯ","Крышка разливного крана для Maestrale jolly 5/12 BRAS 22900-00860",null,"Шприцы, иглы, катетеры, канюли и аналогичные инструменты; офтальмологические и прочие приборы, устройства и инструменты, не включенные в другие группировки",null,2,"шт",1847.91,3695.82]
[10309433,"СОСТАВНЫЕ И ЗАМЕНЯЕМЫЕ ЧАСТИ, ПРИНАДЛЕЖНОСТИ И КОМПЛЕКТУЮЩИЕ ДЛЯ ГИДРОТЕРАПЕВТИЧЕСКОГО ОБОРУДОВАНИЯ","Пружина крана Artic Compact Ugolini 22800-02600 35мм",null,"Шприцы, иглы, катетеры, канюли и аналогичные инструменты; офтальмологические и прочие приборы, устройства и инструменты, не включенные в другие группировки",null,2,"шт",163.34,326.68]
[10309433,"СОСТАВНЫЕ И ЗАМЕНЯЕМЫЕ ЧАСТИ, ПРИНАДЛЕЖНОСТИ И КОМПЛЕКТУЮЩИЕ ДЛЯ ГИДРОТЕРАПЕВТИЧЕСКОГО ОБОРУДОВАНИЯ","Трубка налива сока UGOLINI, BRAS21703-00000, 103 мм",null,"Шприцы, иглы, катетеры, канюли и аналогичные инструменты; офтальмологические и прочие приборы, устройства и инструменты, не включенные в другие группировки",null,8,"шт",1425,11400]
[6233162,"Поставка летних костюмов для рабочих и ИТР","Поставка летних костюмов для рабочих и ИТР",{"$nulls":3},1,"усл. ед",0,0]
[6233161,"Поставка провода ПЭТВ-2","Провод ПЭТВ-2 0,125","27.32.11.000","Провода обмоточные изолированные",null,5,"кг",0,0]
[10309430,"Оказание услуг по перезарядке огнетушителей ","Перезарядка огнетушителя углекислотного ОУ-3-BCE*",null,"Услуги систем обеспечения безопасности",null,5,"шт",1303.33333,6516.67]
[10309430,"Оказание услуг по перезарядке огнетушителей ","Перезарядка огнетушителя порошкового ОП-5(з)-АВСЕ*",null,"Услуги систем обеспечения безопасности",null,2,"шт",1266.66667,2533.33]
[10309432,"ИЗДЕЛИЯ КАНЦЕЛЯРСКИЕ, БУМАГА И БУМАЖНЫЕ ИЗДЕЛИЯ","Папка для акварели \"Балет\", А2",null,"Альбомы и папки с бумагой (включая блоки)",null,12,"шт",1000,12000]
[10309432,"ИЗДЕЛИЯ КАНЦЕЛЯРСКИЕ, БУМАГА И БУМАЖНЫЕ ИЗДЕЛИЯ","Бумага для офисной техники SvetoCopy Classic А4, 80 г/м2, 500 л., 146%",null,"Бумага для печати",null,50,"пач",388.26,19413]
[6233159,"Запрос предложений на изготовление и поставку новогодних наборов для детей сотрудников «Азиатско-Тихоокеанский Банк» (АО)","Изготовление и поставка новогодних наборов для детей сотрудников «Азиатско-Тихоокеанский Банк» (АО)",{"$nulls":3},1,"усл. ед",0,0]
[10309429,"Эмаль по ржавчине 3 в 1 Luxens молотковая цвет серый 2.4 кг","Эмаль по ржавчине 3 в 1 Luxens молотковая цвет серый 2.4 кг",null,"Эмали на основе сложных полиэфиров, акриловых или виниловых полимеров в неводной среде",null,1,"шт",1400,1400]
[6233138,"проведение расчета категории взрывопожарной и пожарной опасности производственных помещений объекта: Ленинградская область, Лужский район, д. Калгановка, Специальная испытательная станция (СИС)","проведение расчета категории взрывопожарной и пожарной опасности производственных помещений объекта: Ленинградская область, Лужский район, д. Калгановка, Специальная испытательная станция (СИС)",{"$nulls":3},1,"усл. ед",0,0]
[10305743,"Оказание комплекса услуг по организационно-техническому сопровождению мероприятия открытия Музея Транспорта Москвы ","Охранник",null,"Услуги по организации показа спектаклей, концертов и иных зрелищных программ (произведений исполнительского искусства), включая мероприятия по продвижению исполнительских искусств",null,34,"чел",32500,1105000]
[10305743,"Оказание комплекса услуг по организационно-техническому сопровождению мероприятия открытия Музея Транспорта Москвы ","Грузчик",null,"Услуги по организации показа спектаклей, концертов и иных зрелищных программ (произведений исполнительского искусства), включая мероприятия по продвижению исполнительских искусств",null,40,"чел",13666.66667,546666.67]
[10305743,"Оказание комплекса услуг по организационно-техническому сопровождению мероприятия открытия Музея Транспорта Москвы ","Клинер",null,"Услуги по организации показа спектаклей, концертов и иных зрелищных программ (произведений исполнительского искусства), включая мероприятия по продвижению исполнительских искусств",null,20,"чел",16066.66667,321333.33]
[10305743,"Оказание комплекса услуг по организационно-техническому сопровождению мероприятия открытия Музея Транспорта Москвы ","Клинер",null,"Услуги по организации показа спектаклей, концертов и иных зрелищных программ (произведений исполнительского искусства), включая мероприятия по продвижению исполнительских искусств",null,20,"чел",16066.66667,321333.33]
[10305743,"Оказание комплекса услуг по организационно-техническому сопровождению мероприятия открытия Музея Транспорта Москвы ","Мусорный бак",null,"Услуги по организации конференций",null,1,"усл. ед",35833.33333,35833.33]
[6233129,"Поставка товаров и выполнение работ, необходимых для \nмодернизации телефонной сети","-товары — материалы, оборудование; \n- работы — монтаж АТС, демонтаж старой АТС, \nпусконаладка;",{"$nulls":3},1,"усл. ед",0,0]
[6233123,"Замена оконного блока из ПВХ в каб.301 на 3 этаже здания цеха ТНП","Замена оконного блока из ПВХ","43.32.10.110","Работы по установке дверных и оконных блоков и коробок, навеске дверных полотен (кроме дверей автоматического действия и вращающихся дверей), окон, оконных створок, планчатых створок, дверей гаражного типа и т.п. из любых материалов",null,1,"усл. рем",0,0]
[6233125,"Замена фурнитуры в кабинете № 306 на 3-м этаже здания достроечного-сдаточного цеха","Заменой фурнитуры поворотно-откидное Roto",{"$nulls":3},1,"компл",0,0]
[6233106,"Лот№13 Поставка смазочных материалов и технических жидкостей на Обособленное Подразделение ООО \"Русагро-Ресурс\" в г. Самара","Масла и спецжидкости","20.59.41.000","Материалы смазочные",null,1,"шт",0,0]
[6233104,"Лот№10 Поставка смазочных материалов и технических жидкостей на филиал ООО \"РесурсТранс\" в г. Калининград","Масла и спецжидкости","20.59.41.000","Материалы смазочные",null,1,"шт",0,0]
[6233100,"Лот№11 Поставка смазочных материалов и технических жидкостей на филиал ООО \"РесурсТранс\" в г. Хабаровск","Масла и спецжидкости","20.59.41.000","Материалы смазочные",null,1,"шт",0,0]